Serie A players of the 20s - Statistics

General Stats
  • This quiz has been taken 152 times
    90 since last reset
  • The average score is 546 of 1392
Answer Stats
Ranking Player Positions Nationality Matches Goals (assists) Periods Clubs % Correct
481 Dennis Man RW 47 6 (6) 2020-2021, 2024-2025
97%
21 Dušan Vlahović ST 162 81 (16) 2020-2025
97%
41 Francesco Acerbi CB 145 7 (5) 2020-2025
97%
22 Hakan Çalhanoğlu DM 161 32 (38) 2020-2025
97%
6 Lautaro Martínez ST 175 95 (31) 2020-2025
97%
131 Moise Kean ST 111 30 (6) 2021-2025
97%
5 Nicolò Barella CM 178 17 (41) 2020-2025
97%
46 Stefan de Vrij CB 140 6 (0) 2020-2025
97%
20 Theo Hernández LB 162 25 (22) 2020-2025
97%
1196 Vanja Vlahović ST 3 0 (1) 2024-2025
97%
407 Aarón Martín LB 58 0 (9) 2023-2025
94%
32 Alessandro Bastoni CB 154 3 (17) 2020-2025
94%
166 Ante Rebić LW 101 17 (11) 2020-2022, 2024-2025
94%
54 Bremer CB 138 15 (3) 2020-2025
94%
160 Charles De Ketelaere AM 103 17 (17) 2022-2025
94%
82 Ciro Immobile ST 128 66 (16) 2020-2024
94%
85 Denzel Dumfries RB 127 17 (20) 2021-2025
94%
168 Federico Chiesa RW 101 22 (21) 2020-2024
94%
15 Federico Dimarco LB 164 20 (29) 2020-2025
94%
77 Fikayo Tomori CB 129 6 (2) 2020-2025
94%
3 Giovanni Di Lorenzo RB 179 11 (25) 2020-2025
94%
298 João Pedro ST 74 29 (7) 2020-2022
94%
530 Josep Martínez GK 41 0 (0) 2023-2025
94%
591 Khéphren Thuram CM 35 4 (6) 2024-2025
94%
340 Marcus Thuram ST 67 27 (20) 2023-2025
94%
178 Marko Arnautovic ST 99 33 (7) 2021-2025
94%
104 Mike Maignan GK 120 0 (3) 2021-2025
94%
88 Paulo Dybala CF 126 45 (27) 2020-2025
94%
26 Pedro RW 158 29 (15) 2020-2025
94%
18 Piotr Zieliński CM 162 22 (29) 2020-2025
94%
13 Rafael Leão LW 167 49 (46) 2020-2025
94%
136 Robin Gosens LB 109 20 (13) 2020-2022, 2024-2025
94%
227 Simone Bastoni CM 88 7 (16) 2020-2024
94%
58 Weston McKennie CM 136 11 (14) 2020-2025
94%
35 Alexis Saelemaekers RW 151 16 (19) 2020-2025
91%
209 Alexis Sánchez ST 93 14 (15) 2020-2021, 2023-2025
91%
83 Alex Meret GK 128 0 (0) 2020-2025
91%
248 Boulaye Dia ST 85 29 (9) 2022-2025
91%
61 Danilo CB 134 6 (11) 2020-2025
91%
587 Danilo CB 35 0 (1) 2020-2021
91%
45 Davide Zappacosta RM 141 15 (14) 2020-2025
91%
100 Éderson CM 123 13 (5) 2021-2025
91%
193 Edin Džeko ST 96 29 (15) 2020-2023
91%
72 Frank Anguissa CM 130 9 (14) 2021-2025
91%
64 Gabriele Zappa RB 134 3 (7) 2020-2021, 2023-2025
91%
8 Gianluca Mancini CB 174 11 (6) 2020-2025
91%
33 Giovanni Simeone ST 152 29 (11) 2020-2025
91%
930 Graziano Pellè ST 13 1 (3) 2020-2021
91%
17 Henrikh Mkhitaryan CM 164 24 (34) 2020-2025
91%
87 Juan Cuadrado RM 127 7 (24) 2020-2025
91%
145 Leonardo Spinazzola LB 107 5 (12) 2020-2025
91%
37 Lorenzo Pellegrini AM 148 30 (22) 2020-2025
91%
285 Luca Pellegrini LB 77 1 (8) 2020-2025
91%
11 Manuel Locatelli DM 169 10 (15) 2020-2025
91%
19 Mario Pasalić CM 162 33 (21) 2020-2025
91%
157 Mário Rui LB 104 0 (17) 2020-2024
91%
14 Marten de Roon DM 166 11 (13) 2020-2025
91%
129 Pablo Marí CB 111 3 (0) 2021-2025
91%
337 Pietro Pellegri ST 68 7 (2) 2021-2025
91%
81 Romelu Lukaku ST 129 61 (28) 2020-2021, 2022-2025
91%
39 Stanislav Lobotka DM 146 2 (3) 2020-2025
91%
144 Victor Osimhen ST 108 65 (16) 2020-2024
91%
7 Adam Marusic RB 174 8 (7) 2020-2025
88%
76 Adrien Rabiot CM 129 17 (11) 2020-2024
88%
1215 Alessandro Berardi GK 2 0 (0) 2020-2022
88%
106 Alessandro Buongiorno CB 120 5 (5) 2020-2025
88%
57 Alessio Romagnoli CB 136 6 (1) 2020-2025
88%
60 Andrea Belotti ST 135 29 (13) 2020-2025
88%
24 Berat Djimsiti CB 159 2 (8) 2020-2025
88%
10 Bryan Cristante DM 171 11 (9) 2020-2025
88%
147 Domenico Berardi RW 106 53 (35) 2020-2024
88%
105 Elseid Hysaj RB 120 2 (6) 2020-2025
88%
34 Giacomo Raspadori CF 152 29 (15) 2020-2025
88%
202 Hirving Lozano LW 94 19 (13) 2020-2023
88%
149 Ismaël Bennacer DM 106 6 (8) 2020-2025
88%
59 Ivan Ilić CM 136 9 (10) 2020-2025
88%
29 Ivan Provedel GK 157 0 (0) 2020-2025
88%
102 Junior Messias RW 122 21 (9) 2020-2025
88%
23 Lukasz Skorupski GK 160 0 (0) 2020-2025
88%
419 Mattia Perin GK 56 0 (0) 2020-2025
88%
16 Mattia Zaccagni LW 164 35 (28) 2020-2025
88%
159 Michele Di Gregorio GK 103 0 (1) 2022-2025
88%
188 Patric CB 97 4 (3) 2020-2025
88%
25 Riccardo Orsolini RW 158 49 (18) 2020-2025
88%
179 Rui Patrício GK 99 0 (0) 2021-2025
88%
113 Ruslan Malinovskyi AM 118 19 (22) 2020-2025
88%
228 Samir Handanovič GK 88 0 (0) 2020-2023
88%
150 Sergej Milinković-Savić CM 105 28 (29) 2020-2023
88%
404 Simone Romagnoli CB 59 3 (1) 2021-2024
88%
125 Tammy Abraham ST 112 29 (14) 2021-2025
88%
93 Teun Koopmeiners AM 125 29 (13) 2021-2025
88%
43 Vanja Milinković-Savić GK 143 0 (0) 2020-2025
88%
89 Wojciech Szczesny GK 126 0 (1) 2020-2024
88%
343 Yann Sommer GK 67 0 (0) 2023-2025
88%
210 Ademola Lookman CF 93 39 (21) 2022-2025
84%
319 Albert Gudmundsson CF 71 21 (6) 2021-2022, 2023-2025
84%
200 Alex Sandro LB 95 3 (4) 2020-2024
84%
40 Amir Rrahmani CB 146 11 (5) 2020-2025
84%
827 Andrea Poli CM 18 1 (0) 2020-2021
84%
169 Carlos Augusto LB 101 9 (12) 2022-2025
84%
27 Cristiano Biraghi LB 157 10 (18) 2020-2025
84%
948 Cristian Zapata CB 12 0 (0) 2020-2021
84%
68 Davide Frattesi CM 132 22 (10) 2021-2025
84%
74 Duván Zapata ST 130 43 (22) 2020-2025
84%
336 Franck Kessié CM 68 19 (6) 2020-2022
84%
257 Hans Hateboer RB 83 3 (3) 2020-2024
84%
154 Juan Musso GK 104 0 (0) 2020-2025
84%
339 Lorenzo Insigne LW 67 30 (16) 2020-2022
84%
329 Lorenzo Lucca ST 70 20 (6) 2023-2025
84%
1 Lorenzo Montipò GK 181 0 (1) 2020-2025
84%
56 Luis Alberto AM 136 25 (28) 2020-2024
84%
192 Marcelo Brozović DM 96 7 (12) 2020-2023
84%
138 Matías Vecino CM 108 12 (5) 2020-2025
84%
9 Matteo Politano RW 171 26 (25) 2020-2025
84%
191 Olivier Giroud ST 97 39 (17) 2021-2024
84%
1158 Pablo Rodríguez AM 4 0 (0) 2022-2023
84%
123 Pierre Kalulu CB 113 4 (2) 2020-2025
84%
66 Remo Freuler CM 132 5 (9) 2020-2021, 2023-2025
84%
109 Ricardo Rodríguez LB 120 1 (3) 2020-2024
84%
664 Roberto Insigne RW 30 2 (4) 2020-2021
84%
28 Adrien Tamèze DM 157 5 (4) 2020-2025
81%
173 Aleksey Miranchuk AM 100 13 (18) 2020-2024
81%
254 Álvaro Morata ST 83 25 (18) 2020-2021, 2024-2025
81%
42 Andrea Consigli GK 144 0 (0) 2020-2024
81%
1162 André Anderson AM 4 0 (0) 2021-2022
81%
36 Andrea Pinamonti ST 150 40 (6) 2020-2025
81%
215 Brahim Díaz RW 91 13 (14) 2020-2023
81%
326 Christian Pulisic RW 70 23 (20) 2023-2025
81%
278 Daniel Maldini AM 79 13 (2) 2020-2025
81%
1177 Djavan Anderson RM 3 0 (0) 2020-2021
81%
158 Emil Audero GK 103 0 (1) 2020-2025
81%
4 Emmanuel Gyasi RM 178 15 (12) 2020-2025
81%
425 Federico Bernardeschi RW 55 1 (5) 2020-2022
81%
120 Felipe Anderson RW 114 20 (20) 2021-2024
81%
212 Gianluca Scamacca ST 92 36 (8) 2020-2021, 2023-2025
81%
231 Isak Hien CB 88 0 (1) 2022-2025
81%
176 Joaquín Correa CF 99 19 (8) 2020-2022, 2024-2025
81%
146 José Luis Palomino CB 107 4 (2) 2020-2025
81%
99 Lazar Samardžić AM 124 15 (9) 2021-2025
81%
1142 Luca Mora CM 4 0 (0) 2020-2021
81%
230 Marco Carnesecchi GK 88 0 (1) 2022-2025
81%
38 Matteo Darmian RB 147 11 (11) 2020-2025
81%
52 Matteo Pessina CM 138 14 (9) 2020-2025
81%
199 Nicola Zalewski LM 95 3 (5) 2020-2025
81%
79 Nikola Milenković CB 129 6 (2) 2020-2024
81%
424 Pepe Reina GK 56 0 (1) 2020-2021, 2024-2025
81%
103 Raoul Bellanova RM 121 2 (21) 2021-2025
81%
167 Rick Karsdorp RB 101 1 (11) 2020-2024
81%
197 Sandro Tonali CM 95 7 (10) 2020-2023
81%
75 Stephan El Shaarawy LW 130 17 (13) 2020-2025
81%
396 Timothy Weah RW 60 5 (4) 2023-2025
81%
97 Wladimiro Falcone GK 124 0 (1) 2021-2025
81%
84 Alfred Duncan CM 127 5 (8) 2020-2025
78%
124 Andrea Petagna ST 112 12 (12) 2020-2025
78%
116 Antonín Barák AM 116 22 (10) 2020-2025
78%
47 Antonio Candreva AM, RW 140 25 (31) 2020-2024
78%
493 Benjamin Pavard CB 46 0 (3) 2023-2025
78%
71 Davide Calabria RB 130 6 (14) 2020-2025
78%
636 Devis Vásquez GK 32 0 (0) 2024-2025
78%
287 Dodô RB 77 1 (10) 2022-2025
78%
73 Eljif Elmas LW 130 17 (9) 2020-2025
78%
273 Federico Gatti CB 80 5 (1) 2022-2025
78%
346 Filip Kostić LM 66 3 (12) 2022-2024
78%
430 Filippo Terracciano RB 55 0 (2) 2021-2025
78%
44 Gianluca Caprari CF 142 25 (17) 2020-2025
78%
141 Grigoris Kastanos AM 108 7 (8) 2021-2025
78%
374 Joan González CM 64 2 (4) 2022-2024
78%
90 Johan Vásquez CB 126 6 (1) 2021-2025
78%
151 Jonathan Ikoné RW 105 10 (8) 2021-2025
78%
247 Khvicha Kvaratskhelia LW 85 28 (24) 2022-2025
78%
232 Kristjan Asllani DM 88 4 (5) 2021-2025
78%
277 Lewis Ferguson CM 79 14 (5) 2022-2025
78%
133 Luis Muriel ST 110 36 (23) 2020-2024
78%
380 Malick Thiaw CB 63 0 (1) 2022-2025
78%
49 Manuel Lazzari RM 140 5 (14) 2020-2025
78%
504 Marco Sportiello GK 44 0 (0) 2020-2025
78%
280 Matías Soulé RW 78 17 (8) 2021-2025
78%
53 Mërgim Vojvoda RB 138 3 (15) 2020-2025
78%
226 Milan Škriniar CB 88 6 (0) 2020-2023
78%
156 Musa Barrow LW 104 17 (23) 2020-2023
78%
127 Nico González RW 112 28 (12) 2021-2025
78%
95 Nicolò Rovella DM 125 1 (12) 2020-2025
78%
171 Pietro Terracciano GK 101 0 (0) 2020-2025
78%
237 Rade Krunic DM 86 1 (4) 2020-2024
78%
128 Rafael Tolói CB 112 5 (2) 2020-2025
78%
1166 Rafa Marín CB 4 0 (0) 2024-2025
78%
12 Răzvan Marin DM 169 8 (21) 2020-2025
78%
148 Roberto Gagliardini CM 106 6 (6) 2020-2025
78%
50 Rolando Mandragora DM 139 12 (13) 2020-2025
78%
605 Scott McTominay CM 34 12 (6) 2024-2025
78%
291 Simon Kjaer CB 76 0 (3) 2020-2024
78%
2 Tommaso Augello LB 180 5 (17) 2020-2025
78%
514 Yann Bisseck CB 43 5 (3) 2023-2025
78%
311 Zeki Çelik RB 72 0 (3) 2022-2025
78%
1358 Alberto Basso Ricci ST 1 0 (0) 2022-2023
75%
94 Andrea Cambiaso LB 125 5 (14) 2021-2025
75%
55 Antonio Sanabria ST 137 30 (11) 2020-2025
75%
115 Ardian Ismajli CB 117 1 (2) 2020-2025
75%
851 Arijon Ibrahimovic AM 17 1 (1) 2023-2025
75%
398 Arkadiusz Milik ST 59 11 (2) 2022-2024
75%
635 Artem Dovbyk ST 32 12 (3) 2024-2025
75%
454 Arturo Vidal CM 51 2 (3) 2020-2022
75%
535 Carles Pérez RW 40 3 (3) 2020-2022
75%
62 Danilo Cataldi DM 134 5 (3) 2020-2025
75%
203 Dany Mota CF 94 14 (10) 2022-2025
75%
403 Dries Mertens CF 59 20 (10) 2020-2022
75%
1275 Federico Ricci RW 1 0 (0) 2020-2021
75%
626 Germán Pezzella CB 32 1 (2) 2020-2021
75%
1180 Giacomo Ricci LM 3 0 (0) 2020-2021
75%
225 Giorgio Scalvini CB 89 4 (4) 2021-2025
75%
119 Giuseppe Pezzella LB 115 1 (12) 2020-2025
75%
161 Jeremy Toljan RB 102 0 (9) 2020-2024
75%
268 Juan Jesus CB 80 3 (1) 2020-2025
75%
69 Karol Linetty CM 131 3 (3) 2020-2025
75%
390 Kenan Yıldız LW 62 9 (6) 2023-2025
75%
864 Kike Pérez CM 16 1 (1) 2024-2025
75%
172 Liam Henderson CM 100 2 (9) 2021-2025
75%
180 Lorenzo Colombo ST 99 15 (5) 2020-2021, 2022-2025
75%
152 Lucas Martínez Quarta CB 105 9 (2) 2020-2025
75%
332 Luka Jović ST 69 14 (4) 2022-2025
75%
417 Mario Gila CB 57 1 (0) 2022-2025
75%
198 Matteo Cancellieri RW 95 8 (3) 2021-2025
75%
675 Matteo Ricci DM 29 0 (2) 2020-2021
75%
118 Maxime Lopez DM 115 4 (2) 2020-2024
75%
135 M'Bala Nzola ST 110 29 (9) 2020-2024
75%
96 Milan Djuric ST 125 20 (10) 2021-2025
75%
101 Morten Thorsby CM 122 8 (5) 2020-2021, 2023-2025
75%
213 Nehuén Pérez CB 92 2 (2) 2021-2025
75%
600 Nico Paz AM 35 6 (9) 2024-2025
75%
189 Nikola Vlašić AM 97 13 (12) 2022-2025
75%
140 Pasquale Mazzocchi RB 108 2 (8) 2021-2025
75%
885 Salvatore Esposito DM 15 1 (0) 2022-2023
75%
86 Samuele Ricci DM 127 5 (7) 2021-2025
75%
510 Santiago Castro ST 44 9 (6) 2023-2025
75%
623 Sebastiano Esposito CF 33 8 (1) 2024-2025
75%
30 Sebastiano Luperto CB 157 4 (6) 2020-2025
75%
306 Tijjani Reijnders CM 73 13 (9) 2023-2025
75%
492 Zlatan Ibrahimović ST 46 24 (5) 2020-2023
75%
1045 Abdoulaye Touré DM 8 0 (0) 2021-2022
72%
112 Armando Izzo CB 119 4 (2) 2020-2025
72%
297 Arthur Melo DM 75 3 (4) 2020-2021, 2023-2024
72%
111 Charalampos Lykogiannis LB 119 9 (7) 2020-2025
72%
369 Cyril Ngonge RW 64 10 (4) 2022-2025
72%
433 Daniele Rugani CB 54 3 (1) 2020-2024
72%
31 Darko Lazović LM 155 13 (24) 2020-2025
72%
596 David de Gea GK 35 0 (1) 2024-2025
72%
117 Davide Faraoni RB 116 10 (17) 2020-2025
72%
428 Dejan Kulusevski AM 55 5 (6) 2020-2022
72%
978 El Bilal Touré ST 11 2 (1) 2023-2024
72%
78 Eldor Shomurodov ST 129 19 (13) 2020-2025
72%
377 Evan Ndicka CB 63 0 (5) 2023-2025
72%
153 Fabiano Parisi LB 105 4 (4) 2021-2025
72%
126 Federico Baschirotto CB 112 5 (2) 2022-2025
72%
162 Federico Bonazzoli ST 102 17 (6) 2020-2024
72%
108 Francesco Caputo ST 120 31 (19) 2020-2025
72%
959 Isaak Touré CB 12 1 (0) 2024-2025
72%
204 Jhon Lucumí CB 94 0 (3) 2022-2025
72%
464 José Callejón RW 50 1 (3) 2020-2022
72%
67 Lassana Coulibaly CM 132 4 (5) 2021-2025
72%
264 Leandro Paredes DM 81 7 (6) 2022-2025
72%
132 Leonardo Pavoletti ST 111 15 (7) 2020-2021, 2023-2025
72%
143 Lorenzo De Silvestri RB 108 9 (2) 2020-2025
72%
891 Mamadou Coulibaly CM 15 2 (0) 2020-2021, 2023-2024
72%
353 Marin Pongracic CB 65 0 (0) 2022-2025
72%
246 Mathías Olivera LB 85 3 (6) 2022-2025
72%
328 Mattéo Guendouzi CM 70 3 (6) 2023-2025
72%
408 Matthijs de Ligt CB 58 4 (2) 2020-2022
72%
1216 Maximiliano Olivera LB 2 0 (0) 2020-2021
72%
394 Mert Müldür RB 61 0 (2) 2020-2023
72%
421 Mile Svilar GK 56 0 (0) 2022-2025
72%
1095 Nehuén Paz CB 6 1 (0) 2020-2021
72%
137 Riccardo Sottil LW 109 8 (10) 2020-2025
72%
449 Rodrigo Bentancur DM 52 0 (6) 2020-2022
72%
474 Ruben Loftus-Cheek CM 48 6 (2) 2023-2025
72%
155 Tommaso Pobega CM 104 14 (9) 2020-2025
72%
214 Valentino Lazaro RM 91 0 (14) 2022-2025
72%
918 Woyo Coulibaly RB 14 0 (2) 2024-2025
72%
471 Yerry Mina CB 49 3 (0) 2023-2025
72%
410 Alberto Dossena CB 58 2 (6) 2023-2025
69%
65 Alberto Grassi DM 133 1 (4) 2020-2025
69%
746 André Onana GK 24 0 (0) 2022-2023
69%
185 Antonino Gallo LB 98 0 (7) 2022-2025
69%
365 Armand Laurienté LW 65 12 (12) 2022-2024
69%
1130 Ben Lhassine Kone CM 5 0 (0) 2021-2022, 2024-2025
69%
253 Chris Smalling CB 83 6 (2) 2020-2024
69%
685 Christian Kabasele CB 29 3 (1) 2023-2025
69%
134 Christian Kouamé ST 110 8 (8) 2020-2021, 2022-2025
69%
187 Danilo D'Ambrosio CB 98 4 (4) 2020-2025
69%
208 Domagoj Bradarić LB 93 1 (6) 2022-2025
69%
229 Emanuele Valeri LB 88 4 (11) 2022-2025
69%
259 Fabio Miretti CM 83 4 (7) 2021-2025
69%
221 Fabio Quagliarella ST 89 18 (5) 2020-2023
69%
722 Francisco Conceição RW 26 3 (4) 2024-2025
69%
51 Georgios Kyriakopoulos LB 138 4 (17) 2020-2025
69%
91 Giacomo Bonaventura AM 126 20 (17) 2020-2024
69%
688 Guillermo Maripán CB 28 1 (1) 2024-2025
69%
427 Hans Nicolussi Caviglia CM 55 5 (4) 2022-2025
69%
698 Ionuț Radu GK 27 0 (0) 2020-2022, 2024-2025
69%
344 Ivan Perišić LW 67 12 (12) 2020-2022
69%
175 Jean-Daniel Akpa Akpro CM 99 1 (2) 2020-2025
69%
1034 Jean Onana DM 9 0 (0) 2024-2025
69%
517 Konstantinos Manolas CB 42 0 (1) 2020-2021, 2023-2024
69%
316 Lameck Banda LW 72 4 (6) 2022-2025
69%
351 Leonardo Bonucci CB 66 8 (0) 2020-2023
69%
494 Leo Ostigard CB 46 1 (0) 2021-2024
69%
184 Luca Ranieri CB 98 4 (4) 2021-2025
69%
342 Lucas Leiva DM 67 0 (1) 2020-2022
69%
613 Manu Koné CM 34 2 (1) 2024-2025
69%
80 Marco Silvestri GK 129 0 (0) 2020-2025
69%
363 Mateo Retegui ST 65 32 (10) 2023-2025
69%
314 Matteo Gabbia CB 72 4 (1) 2020-2025
69%
201 Michel Aebischer CM 94 1 (2) 2021-2025
69%
107 Milan Badelj DM 120 4 (9) 2020-2021, 2023-2025
69%
554 Mohamed Kaba CM 38 0 (0) 2023-2025
69%
164 Nicolò Casale CB 102 1 (4) 2021-2025
69%
345 Nicolò Fagioli CM 67 4 (8) 2020-2021, 2022-2025
69%
371 Nicolò Zaniolo AM 64 5 (7) 2021-2022, 2024-2025
69%
315 Nikola Krstović ST 72 18 (7) 2023-2025
69%
98 Paweł Dawidowicz CB 124 1 (1) 2020-2025
69%
110 Roberto Pereyra CM 119 17 (26) 2020-2024
69%
163 Sandi Lovrić CM 102 8 (13) 2022-2025
69%
914 Santiago Gimenez ST 14 5 (2) 2024-2025
69%
445 Sead Kolasinac CB 53 1 (2) 2023-2025
69%
395 Stefano Turati GK 61 0 (0) 2023-2025
69%
523 Ștefan Radu LB 42 0 (3) 2020-2023
69%
373 Taty Castellanos ST 64 14 (8) 2023-2025
69%
564 Achraf Hakimi RB 37 7 (10) 2020-2021
66%
376 Alex Ferrari CB 63 1 (2) 2020-2023
66%
194 Andrea Carboni CB 96 1 (2) 2020-2025
66%
216 Andrea Colpani AM 91 14 (7) 2022-2025
66%
434 Angeliño LB 54 2 (3) 2023-2025
66%
1255 Chaka Traorè LW 2 1 (0) 2023-2024
66%
1047 Christian Maggio RB 8 0 (0) 2020-2021
66%
386 Dan Ndoye RW 62 9 (6) 2023-2025
66%
486 David Ospina GK 47 0 (1) 2020-2022
66%
500 Elia Caprile GK 45 0 (0) 2023-2025
66%
355 Fabián Ruiz CM 65 10 (5) 2020-2022
66%
476 Festy Ebosele RB 48 0 (2) 2022-2024
66%
323 Florian Thauvin CF 70 13 (6) 2022-2025
66%
981 Franco Carboni LB 11 0 (1) 2022-2023, 2024-2025
66%
217 Gabriel Strefezza RW 91 15 (8) 2022-2025
66%
307 Gary Medel CB 73 0 (3) 2020-2023
66%
375 Gerard Deulofeu ST 63 16 (13) 2020-2023
66%
309 Gianluca Lapadula ST 72 11 (6) 2020-2021, 2023-2025
66%
63 Gian Marco Ferrari CB 134 3 (6) 2020-2024
66%
552 Giorgio Chiellini CB 38 0 (1) 2020-2022
66%
130 Giulio Maggiore CM 111 9 (6) 2020-2024
66%
121 Grégoire Defrel ST 113 8 (7) 2020-2024
66%
361 Gustav Isaksen RW 65 7 (5) 2023-2025
66%
239 Hamed Junior Traoré AM 86 12 (10) 2020-2024
66%
284 Jérémie Boga LW 77 6 (10) 2020-2023
66%
413 Joshua Zirkzee ST 57 13 (7) 2020-2021, 2022-2024
66%
477 Josip Ilicic AM 48 9 (14) 2020-2022
66%
444 Kalidou Koulibaly CB 53 3 (3) 2020-2022
66%
256 Kingsley Ehizibue RB 83 2 (2) 2022-2025
66%
338 Koni De Winter CB 68 3 (1) 2022-2025
66%
480 Krzysztof Piatek ST 47 7 (5) 2021-2023
66%
240 Liberato Cacace LB 86 2 (5) 2021-2025
66%
491 Maduka Okoye GK 46 0 (0) 2023-2025
66%
1354 Mario Perrone CB 1 0 (0) 2021-2022
66%
777 Marko Rog CM 22 0 (1) 2020-2022
66%
181 Matteo Ruggeri LB 99 0 (9) 2020-2025
66%
362 Mattia Viti CB 65 2 (0) 2021-2022, 2023-2025
66%
723 Máximo Perrone DM 26 0 (3) 2024-2025
66%
411 Maya Yoshida CB 58 3 (5) 2020-2022
66%
321 Merih Demiral CB 71 2 (3) 2020-2023
66%
165 Nadir Zortea RM 102 10 (10) 2021-2025
66%
238 Nahitan Nández CM 86 4 (8) 2020-2021, 2023-2024
66%
320 Nikola Moro DM 71 2 (7) 2022-2025
66%
312 Patrick Cutrone ST 72 10 (6) 2020-2021, 2024-2025
66%
790 Pau López GK 21 0 (0) 2020-2021
66%
716 Radja Nainggolan CM 26 1 (0) 2020-2021
66%
956 Raúl Moro LW 12 0 (1) 2020-2022
66%
190 Roger Ibañez CB 97 6 (2) 2020-2023
66%
196 Sebastian Walukiewicz CB 95 0 (1) 2020-2025
66%
243 Simone Verdi AM 85 12 (5) 2020-2025
66%
658 Thijs Dallinga ST 31 3 (3) 2024-2025
66%
206 Tomás Rincón DM 94 1 (3) 2020-2023
66%
584 Valentín Carboni AM 36 2 (4) 2022-2024
66%
48 Walace DM 140 3 (1) 2020-2024
66%
401 Yunus Musah CM 59 0 (4) 2023-2025
66%
234 Alessandro Zanoli RB 87 3 (5) 2021-2025
63%
718 Ángel Di María RW 26 4 (4) 2022-2023
63%
139 Bartosz Bereszyński RB 108 1 (5) 2020-2024
63%
757 Benja Domínguez LW 24 3 (2) 2024-2025
63%
717 Billy Gilmour DM 26 0 (1) 2024-2025
63%
282 Caleb Ekuban ST 77 6 (8) 2021-2022, 2023-2025
63%
615 Cristiano Ronaldo ST 34 29 (3) 2020-2022
63%
653 Cristian Romero CB 31 2 (3) 2020-2021
63%
288 Edoardo Bove CM 77 3 (5) 2020-2025
63%
943 Francesco Camarda ST 12 0 (0) 2023-2025
63%
438 Franck Ribéry LW 53 2 (10) 2020-2023
63%
354 Hassane Kamara LB 65 2 (5) 2023-2025
63%
220 Jaka Bijol CB 90 4 (4) 2022-2025
63%
466 Jordan Zemura LB 50 2 (2) 2023-2025
63%
650 Juan Miranda LB 31 0 (6) 2024-2025
63%
656 Keinan Davis ST 31 3 (1) 2023-2025
63%
1359 Kevin Miranda CB 1 0 (0) 2023-2024
63%
833 Luka Romero RW 18 1 (0) 2021-2024
63%
415 Marcus Pedersen RM 57 0 (2) 2023-2025
63%
593 Min-jae Kim CB 35 2 (2) 2022-2023
63%
263 Morten Frendrup CM 82 4 (5) 2021-2022, 2023-2025
63%
170 Nicola Sansone LW 101 10 (13) 2020-2025
63%
224 Nicolás Domínguez CM 89 4 (5) 2020-2024
63%
258 Nicolò Cambiaghi LW 83 8 (11) 2022-2025
63%
489 Pierluigi Gollini GK 46 0 (0) 2020-2021, 2022-2025
63%
678 Rasmus Kristensen RB 29 1 (2) 2023-2024
63%
70 Roberto Piccoli ST 131 23 (4) 2020-2025
63%
457 Samu Castillejo RW 50 1 (3) 2020-2021, 2023-2024
63%
639 Saúl Coco CB 32 2 (0) 2024-2025
63%
857 Sergio Romero GK 16 0 (0) 2021-2022
63%
467 Thomas Kristensen CB 50 1 (1) 2023-2025
63%
442 Warren Bondo CM 53 1 (1) 2022-2025
63%
595 Youssouf Fofana DM 35 1 (6) 2024-2025
63%
423 Zito Luvumbo ST 56 6 (8) 2023-2025
63%
738 Aaron Ramsey CM 25 2 (5) 2020-2022
59%
556 Alex Cordaz GK 37 0 (0) 2020-2021, 2022-2023
59%
708 Andreas Pereira AM 26 1 (2) 2020-2021
59%
707 Ashley Young RB 26 1 (4) 2020-2021
59%
874 Assane Diao LW 15 8 (1) 2024-2025
59%
771 Ciprian Tătărușanu GK 23 0 (1) 2020-2023
59%
275 Daniele Verde RW 79 17 (7) 2020-2023
59%
691 David Neres RW 28 2 (6) 2024-2025
59%
547 Enzo Barrenechea DM 39 0 (1) 2022-2024
59%
418 Giovanni Fabbian AM 57 8 (3) 2023-2025
59%
468 Goran Pandev CF 49 7 (4) 2020-2022
59%
529 Guillermo Ochoa GK 41 0 (0) 2022-2024
59%
487 Gvidas Gineitis CM 47 3 (1) 2022-2025
59%
272 Joakim Maehle LB 80 4 (6) 2020-2023
59%
537 Juan Cabal LB 40 0 (1) 2022-2025
59%
606 Jurgen Ekkelenkamp CM 34 3 (2) 2024-2025
59%
660 Lautaro Valenti CB 31 1 (0) 2020-2021, 2024-2025
59%
951 Lloyd Kelly CB 12 0 (0) 2024-2025
59%
366 Lucas Beltrán AM 65 11 (8) 2023-2025
59%
670 Mandela Keita DM 30 0 (2) 2024-2025
59%
359 Marco Brescianini CM 65 8 (4) 2023-2025
59%
646 Marc Oliver Kempf CB 31 0 (0) 2024-2025
59%
406 Mattia Caldara CB 58 1 (1) 2020-2024
59%
599 Nemanja Matic DM 35 2 (3) 2022-2023
59%
274 Patrick Ciurria RM 79 7 (9) 2022-2025
59%
207 Pedro Pereira RB 93 1 (9) 2020-2021, 2023-2025
59%
573 Rodrigo De Paul CM 36 9 (10) 2020-2021
59%
357 Sam Beukema CB 65 1 (2) 2023-2025
59%
236 Samuele Birindelli RB 87 3 (4) 2022-2025
59%
485 Santiago Pierotti RW 47 4 (4) 2023-2025
59%
310 Simy ST 72 24 (5) 2020-2021, 2023-2024
59%
245 Sofyan Amrabat DM 85 1 (1) 2020-2022, 2024-2025
59%
270 Stefan Posch CB 80 7 (4) 2022-2025
59%
479 Suat Serdar CM 47 2 (4) 2023-2025
59%
469 Tiemoué Bakayoko DM 49 2 (1) 2020-2023
59%
482 Tijjani Noslin RW 47 7 (6) 2023-2025
59%
566 Walid Cheddira ST 37 7 (1) 2023-2025
59%
142 Youssef Maleh CM 108 2 (6) 2021-2025
59%
633 Abdelhamid Sabiri AM 32 5 (2) 2021-2023
56%
384 Adam Masina CB 62 3 (3) 2022-2025
56%
122 Alessandro Deiola CM 113 7 (2) 2020-2021, 2023-2025
56%
935 Anastasios Douvikas ST 13 2 (2) 2024-2025
56%
758 Andrea Conti RB 23 1 (0) 2020-2023
56%
724 Christian Eriksen CM 26 3 (0) 2020-2021
56%
642 Cristian Volpato AM 32 3 (1) 2021-2024
56%
938 Danilo Veiga RB 13 0 (0) 2024-2025
56%
299 David Okereke ST 74 14 (3) 2021-2024
56%
262 Edoardo Goldaniga CB 82 1 (1) 2020-2021, 2023-2025
56%
608 Enrico Delprato RB 34 4 (0) 2024-2025
56%
765 Enzo Ebosse CB 23 0 (0) 2022-2025
56%
753 Etrit Berisha GK 24 0 (0) 2021-2022, 2023-2024
56%
779 Federico Ravaglia GK 22 0 (0) 2020-2021, 2023-2025
56%
563 Felipe Caicedo ST 37 9 (3) 2020-2022
56%
409 Gianluca Gaetano AM 58 8 (7) 2021-2025
56%
561 Gianluigi Donnarumma GK 37 0 (0) 2020-2021
56%
594 Jay Idzes CB 35 1 (0) 2024-2025
56%
541 Jens Odgaard AM 39 8 (3) 2023-2025
56%
383 Keita Baldé LW 62 12 (4) 2020-2021, 2024-2025
56%
218 Kevin Lasagna ST 90 7 (6) 2020-2023
56%
267 Koray Günter CB 80 1 (4) 2020-2023
56%
364 Kristian Thorstvedt AM 65 8 (2) 2022-2024
56%
416 Loum Tchaouna RW 57 5 (3) 2023-2025
56%
183 Luca Caldirola CB 99 5 (1) 2020-2021, 2022-2025
56%
290 Marko Pjaca LW 76 6 (2) 2020-2023
56%
92 Martin Erlić CB 125 6 (3) 2020-2025
56%
432 Mattia De Sciglio RB 55 2 (2) 2020-2025
56%
750 Maxime Busi RB 24 0 (1) 2020-2021
56%
772 Medon Berisha CM 23 0 (1) 2023-2025
56%
709 Mehdi Taremi ST 26 1 (3) 2024-2025
56%
999 Nicola Ravaglia GK 10 0 (0) 2021-2023
56%
293 Nicolas Viola AM 76 13 (6) 2020-2021, 2023-2025
56%
512 Noah Okafor LW 43 7 (2) 2023-2025
56%
295 Ondrej Duda CM 75 2 (8) 2022-2025
56%
939 Renato Veiga CB 13 0 (1) 2024-2025
56%
577 Rodrigo Palacio ST 36 5 (6) 2020-2021
56%
235 Rogério LB 87 0 (5) 2020-2023
56%
773 Samuel Mbangula LW 23 3 (4) 2024-2025
56%
1053 Sergiño Dest RB 8 0 (0) 2022-2023
56%
302 Stefano Sabelli RB 73 0 (3) 2021-2022, 2023-2025
56%
260 Stefano Sensi CM 82 5 (3) 2020-2025
56%
751 Strahinja Pavlović CB 24 2 (2) 2024-2025
56%
632 Takehiro Tomiyasu RB 32 2 (0) 2020-2022
56%
249 Tommaso Baldanzi AM 85 7 (1) 2021-2025
56%
612 Vitinha ST 34 4 (3) 2023-2025
56%
251 Yann Karamoh LW 84 6 (4) 2020-2021, 2022-2025
56%
378 Ylber Ramadani DM 63 2 (1) 2023-2025
56%
793 Adrián Bernabé CM 21 1 (1) 2024-2025
53%
1039 Alberto Costa RB 9 0 (1) 2024-2025
53%
743 Alberto Moreno LB 24 0 (0) 2024-2025
53%
526 Alessandro Bianco CM 42 1 (0) 2022-2023, 2024-2025
53%
1116 Alessandro Circati CB 6 0 (0) 2024-2025
53%
382 Alessandro Florenzi RB 62 3 (4) 2021-2025
53%
460 Alessio Zerbin LW 50 1 (3) 2022-2025
53%
739 Álex Jiménez RB 25 0 (1) 2023-2025
53%
705 Amir Richardson CM 27 1 (1) 2024-2025
53%
570 Ange-Yoan Bonny ST 37 6 (4) 2024-2025
53%
521 Arthur Cabral ST 42 10 (4) 2021-2023
53%
283 Bartlomiej Dragowski GK 77 0 (2) 2020-2023
53%
574 Borja Mayoral ST 36 10 (4) 2020-2022
53%
576 Ché Adams ST 36 9 (3) 2024-2025
53%
598 Daniel Mosquera ST 35 5 (1) 2024-2025
53%
265 Diego Coppola CB 81 4 (0) 2021-2025
53%
451 Diego Demme DM 52 3 (3) 2020-2024
53%
540 Diego Llorente CB 39 1 (1) 2022-2024
53%
611 Ebrima Colley RW 34 1 (1) 2020-2022
53%
379 Emil Holm RB 63 3 (6) 2022-2025
53%
397 Ethan Ampadu CB 60 0 (4) 2021-2023
53%
440 Federico Fazio CB 53 4 (0) 2020-2024
53%
842 Fernando Llorente ST 17 1 (0) 2020-2021
53%
114 Giangiacomo Magnani CB 117 1 (1) 2020-2025
53%
387 Gianluca Busio CM 62 3 (2) 2021-2022, 2024-2025
53%
279 Igor CB 78 0 (0) 2020-2023
53%
684 Iker Bravo ST 29 2 (1) 2024-2025
53%
391 Jackson Tchatchoua RB 62 2 (5) 2023-2025
53%
756 Jeff Ekhator ST 24 1 (1) 2024-2025
53%
558 Jesper Karlström DM 37 0 (3) 2024-2025
53%
792 Joel Obi CM 21 0 (1) 2021-2022
53%
352 Jordan Veretout CM 65 14 (10) 2020-2022
53%
888 Jovane Cabral LW 15 2 (0) 2021-2022, 2023-2024
53%
754 Kialonda Gaspar CB 24 0 (1) 2024-2025
53%
582 Lucas Da Cunha CM 36 3 (2) 2024-2025
53%
450 Marash Kumbulla CB 52 1 (0) 2020-2024
53%
982 Marco Pellegrino CB 11 0 (0) 2023-2024
53%
436 Martín Payero CM 54 3 (4) 2023-2025
53%
597 Martín Satriano ST 35 2 (1) 2021-2023
53%
942 Mateo Pellegrino ST 13 3 (1) 2024-2025
53%
1143 Matías Moreno CB 4 0 (0) 2024-2025
53%
219 Mattia Bani CB 90 2 (0) 2020-2021, 2023-2025
53%
825 Maxence Caqueret CM 18 2 (3) 2024-2025
53%
174 Nedim Bajrami AM 100 10 (11) 2021-2024
53%
671 Niccolò Pisilli CM 30 2 (1) 2022-2025
53%
579 Ola Solbakken RW 36 1 (2) 2022-2025
53%
281 Omar Colley CB 77 3 (0) 2020-2023
53%
569 Pietro Comuzzo CB 37 1 (0) 2023-2025
53%
560 Pol Lirola RB 37 2 (2) 2020-2021, 2023-2024
53%
954 Răzvan Sava GK 12 0 (0) 2024-2025
53%
896 Sérgio Oliveira CM 14 2 (1) 2021-2022
53%
429 Simon Sohm CM 55 5 (0) 2020-2021, 2024-2025
53%
649 Tete Morente LW 31 3 (2) 2024-2025
53%
341 Thomas Henry ST 67 14 (4) 2021-2024
53%
630 Thomas Strakosha GK 32 0 (0) 2020-2022
53%
381 Tomas Suslov AM 63 3 (6) 2023-2025
53%
301 Alessio Cragno GK 73 0 (0) 2020-2024
50%
643 Amin Sarr ST 32 4 (1) 2024-2025
50%
1113 Angelo da Costa GK 6 0 (0) 2020-2021
50%
388 Beto ST 62 21 (1) 2021-2024
50%
308 Bram Nuytinck CB 72 2 (2) 2020-2023
50%
919 Brooke Norton-Cuffy RB 14 0 (0) 2024-2025
50%
828 Christos Mandas GK 18 0 (0) 2023-2025
50%
1025 Denis Drăguș ST 9 0 (0) 2020-2021
50%
915 Devyne Rensch RB 14 0 (1) 2024-2025
50%
545 Diego Godín CB 39 1 (1) 2020-2022
50%
1259 Douglas Costa RW 2 0 (0) 2020-2021
50%
813 Douglas Luiz CM 19 0 (0) 2024-2025
50%
727 Faouzi Ghoulam LB 25 0 (1) 2020-2022
50%
250 Federico Ceccherini CB 84 3 (1) 2020-2023
50%
177 Gaetano Castrovilli CM 99 9 (8) 2020-2025
50%
498 Ibrahim Sulemana DM 46 4 (0) 2022-2025
50%
811 Jean Butez GK 19 0 (0) 2024-2025
50%
1204 João Costa RW 3 0 (0) 2023-2024
50%
463 Josh Doig LB 50 2 (6) 2022-2024
50%
581 Kamil Glik CB 36 2 (1) 2020-2021
50%
233 Mattia Destro ST 88 21 (2) 2020-2024
50%
898 M'Baye Niang ST 14 6 (1) 2023-2024
50%
1228 Mouhamadou Sarr GK 2 0 (0) 2022-2023
50%
372 Nahuel Molina RB 64 9 (10) 2020-2022
50%
628 Nicola Leali GK 32 0 (0) 2023-2025
50%
770 Nuno Tavares LB 23 0 (8) 2024-2025
50%
945 Papu Gómez LW 12 4 (2) 2020-2021, 2023-2024
50%
1339 Patrick Leal AM 1 0 (0) 2021-2022
50%
405 Pedro Obiang CM 58 0 (2) 2020-2021, 2022-2024
50%
640 Rasmus Højlund ST 32 9 (4) 2022-2023
50%
602 Salvatore Molina RM 34 1 (4) 2020-2021, 2022-2023
50%
459 Samuel Chukwueze RW 50 4 (5) 2023-2025
50%
516 Samuel Iling-Junior LB, LW 43 3 (3) 2022-2025
50%
488 Simone Scuffet GK 46 0 (0) 2020-2021, 2023-2025
50%
335 Viktor Kovalenko AM 68 3 (6) 2020-2025
50%
422 Yacine Adli DM 56 5 (8) 2022-2025
50%
565 Zion Suzuki GK 37 0 (0) 2024-2025
50%
484 Aaron Hickey RB 47 5 (1) 2020-2022
47%
223 Albin Ekdal DM 89 3 (3) 2020-2023
47%
360 Antoine Makoumbou DM 65 1 (3) 2023-2025
47%
677 Daichi Kamada AM 29 2 (2) 2023-2024
47%
1124 Daniele Padelli GK 5 0 (0) 2020-2021, 2024-2025
47%
922 Dean Huijsen CB 14 2 (1) 2023-2024
47%
696 Divock Origi ST 27 2 (1) 2022-2023
47%
824 Eduardo Henrique DM 18 1 (0) 2020-2021
47%
538 Felix Afena-Gyan ST 40 2 (1) 2021-2023
47%
294 Filip Djuricic AM 76 10 (5) 2020-2023
47%
1173 Francesco Rossi GK 3 0 (0) 2021-2024
47%
490 Gastón Pereiro AM 46 6 (3) 2020-2021, 2024-2025
47%
1057 Gianluigi Buffon GK 8 0 (0) 2020-2021
47%
289 Hernani CM 76 10 (6) 2020-2021, 2024-2025
47%
803 Ignace Van der Brempt RB 20 0 (2) 2024-2025
47%
889 João Félix CF 15 2 (1) 2024-2025
47%
431 Kevin Strootman CM 55 0 (6) 2020-2021, 2023-2024
47%
211 Koffi Djidji CB 92 2 (0) 2020-2024
47%
334 Luigi Sepe GK 69 0 (0) 2020-2023
47%
330 Manolo Gabbiadini ST 69 16 (8) 2020-2023
47%
241 Matheus Henrique CM 86 6 (4) 2021-2024
47%
507 Matías Viña LB 44 0 (4) 2021-2024
47%
437 Michel Adopo CM 54 1 (3) 2022-2025
47%
693 Nicolò Savona RB 28 2 (1) 2024-2025
47%
443 Patrick Dorgu LB 53 5 (1) 2023-2025
47%
399 Pontus Almqvist RW 59 3 (4) 2023-2025
47%
536 Radu Drăgușin CB 40 2 (1) 2020-2021, 2023-2024
47%
673 Reda Belahyane DM 30 0 (2) 2023-2025
47%
186 Rodrigo Becão CB 98 5 (2) 2020-2023
47%
625 Saba Goglichidze CB 33 0 (1) 2024-2025
47%
555 Simone Zaza ST 38 6 (0) 2020-2022
47%
333 Toma Bašić CM 69 1 (2) 2021-2024
47%
1014 Tomás Palacios CB 10 0 (0) 2024-2025
47%
368 Tyronne Ebuehi RB 64 2 (5) 2021-2025
47%
542 Adam Ounas RW 39 4 (4) 2020-2023
44%
894 Álex Valle LB 15 0 (0) 2024-2025
44%
887 Andrea Ranocchia CB 15 0 (1) 2020-2023
44%
855 Antonio Mirante GK 16 0 (0) 2020-2021, 2022-2024
44%
704 Arthur Atta CM 27 0 (0) 2024-2025
44%
585 Artur Ioniță CM 36 2 (0) 2020-2021
44%
801 Borja Valero CM 20 0 (0) 2020-2021
44%
812 Borna Sosa LB 19 0 (0) 2024-2025
44%
455 Caleb Okoli CB 51 0 (1) 2022-2024
44%
1199 Carlo Pinsoglio GK 3 0 (0) 2020-2021, 2023-2024
44%
456 Christian Gytkjær ST 51 3 (1) 2022-2023, 2024-2025
44%
462 Cristian Ansaldi LB 50 1 (9) 2020-2022
44%
667 Daniel Boloca DM 30 1 (0) 2023-2024
44%
784 Drissa Camara CM 22 0 (1) 2020-2021, 2024-2025
44%
769 Filippo Ranocchia CM 23 1 (0) 2022-2024
44%
720 Jens Cajuste DM 26 0 (2) 2023-2024
44%
826 Jens Petter Hauge LW 18 2 (0) 2020-2021
44%
252 Jerdy Schouten DM 84 2 (4) 2020-2023
44%
1004 Joaquín Sosa CB 10 0 (0) 2022-2023
44%
796 Joel Pohjanpalo ST 20 6 (0) 2024-2025
44%
242 Kevin Agudelo AM 86 4 (4) 2020-2023
44%
892 Mady Camara CM 15 0 (0) 2022-2023
44%
515 Martín Cáceres CB 43 3 (2) 2020-2022
44%
807 Mattia Felici LW 20 0 (3) 2024-2025
44%
358 Miguel Veloso DM 65 2 (5) 2020-2023
44%
496 Mikkel Damsgaard AM 46 2 (4) 2020-2022
44%
830 Nicolas N'Koulou CB 18 1 (0) 2020-2021
44%
831 Odilon Kossounou CB 18 0 (0) 2024-2025
44%
567 Oier Zarraga CM 37 3 (0) 2023-2025
44%
543 Perr Schuurs CB 39 1 (2) 2022-2024
44%
524 Riccardo Calafiori LB 42 2 (6) 2020-2021, 2023-2024
44%
402 Ruan CB 59 0 (1) 2021-2024
44%
325 Salvatore Sirigu GK 70 0 (0) 2020-2023
44%
458 Sam Lammers ST 50 4 (2) 2020-2023
44%
762 Sardar Azmoun ST 23 3 (2) 2023-2024
44%
195 Tolgay Arslan AM 96 5 (2) 2020-2023
44%
205 Wilfried Singo CB 94 6 (9) 2020-2023
44%
532 Adrien Silva CM 41 1 (2) 2020-2022
41%
1000 Aleksandar Kolarov LB 10 0 (1) 2020-2022
41%
695 Alieu Fadera LW 28 1 (4) 2024-2025
41%
778 Amadou Diawara DM 22 1 (0) 2020-2022
41%
676 Andreas Cornelius ST 29 1 (5) 2020-2021
41%
845 Brenner ST 17 1 (2) 2023-2025
41%
662 Bruno Peres RB 30 1 (2) 2020-2021
41%
735 Dani Silva DM 25 0 (0) 2023-2025
41%
1012 Davide Bartesaghi LB 10 0 (0) 2023-2025
41%
846 Emerson Royal RB 17 0 (0) 2024-2025
41%
557 Erick Pulgar DM 37 1 (4) 2020-2022
41%
1222 Filippo Romagna CB 2 0 (0) 2022-2023
41%
1071 Flavio Bianchi ST 7 1 (0) 2021-2022
41%
799 Fodé Ballo-Touré LB 20 1 (0) 2021-2023
41%
389 Gaetano Oristanio AM 62 5 (4) 2023-2025
41%
913 Georginio Wijnaldum CM 14 2 (1) 2022-2023
41%
439 Jakub Jankto LM 53 7 (5) 2020-2021, 2023-2024
41%
544 Jakub Kiwior CB 39 0 (0) 2021-2023
41%
616 Jasmin Kurtic CM 34 4 (0) 2020-2021
41%
694 Juraj Kucka CM 28 7 (2) 2020-2021
41%
446 Kaan Ayhan CB 52 1 (0) 2020-2023
41%
548 Kacper Urbanski CM 39 1 (1) 2020-2021, 2023-2025
41%
441 Lorenzo Pirola CB 53 3 (0) 2022-2024
41%
1101 Mario Balotelli ST 6 0 (0) 2024-2025
41%
483 Mikael Egill Ellertsson CM 47 2 (2) 2022-2023, 2024-2025
41%
719 Patrizio Masini CM 26 1 (0) 2024-2025
41%
1350 Raffaele Di Gennaro GK 1 0 (0) 2023-2024
41%
347 Ridgeciano Haps LB 66 2 (4) 2021-2022, 2023-2025
41%
182 Roberto Soriano AM 99 10 (14) 2020-2023
41%
849 Sebastien De Maio CB 17 0 (0) 2020-2022
41%
392 Soualiho Meïté DM 61 1 (3) 2020-2021, 2022-2023
41%
1212 Tiago Gabriel CB 2 0 (0) 2024-2025
41%
525 Valentin Mihăilă LW 42 3 (5) 2020-2021, 2024-2025
41%
551 Vedat Muriqi ST 38 1 (1) 2020-2022
41%
318 Adama Soumaoro CB 71 1 (0) 2020-2023
38%
508 Adam Obert CB 44 1 (1) 2021-2022, 2023-2025
38%
683 Dailon Rocha Livramento ST 29 1 (2) 2024-2025
38%
925 Davy Klaassen CM 13 0 (0) 2023-2024
38%
271 Fabio Depaoli RB 80 3 (3) 2020-2023
38%
370 Federico Di Francesco LW 64 8 (5) 2021-2024
38%
804 Fisayo Dele-Bashiru AM 20 3 (1) 2024-2025
38%
651 Frédéric Guilbert RB 31 0 (1) 2024-2025
38%
1043 Jesse Joronen GK 8 0 (0) 2024-2025
38%
875 Kévin Malcuit RB 15 0 (1) 2020-2022
38%
984 Kyle Walker RB 11 0 (0) 2024-2025
38%
1366 Lapo Nava GK 1 0 (0) 2023-2024
38%
1040 Marco Palestra RM 9 0 (0) 2024-2025
38%
435 Michael Folorunsho CM 54 5 (1) 2023-2025
38%
687 Mirko Marić ST 28 1 (0) 2023-2025
38%
1249 Nicolò Bertola CB 2 0 (0) 2021-2022
38%
644 Nikola Maksimović CB 31 0 (0) 2020-2022
38%
269 Norbert Gyömbér CB 80 0 (1) 2021-2024
38%
647 Paulo Azzi LB 31 0 (0) 2023-2025
38%
655 Perparim Hetemaj CM 31 0 (2) 2020-2021
38%
393 Petar Stojanović RB 61 1 (3) 2021-2022, 2024-2025
38%
990 Philip Billing CM 10 1 (0) 2024-2025
38%
304 Rémi Oudin AM 73 6 (2) 2022-2025
38%
580 Ronaldo Vieira CM 36 0 (0) 2020-2023
38%
869 Tajon Buchanan RM, RW 16 1 (0) 2023-2025
38%
638 Victor Kristiansen LB 32 0 (4) 2023-2024
38%
305 Abdou Harroui CM 73 6 (5) 2021-2025
34%
1009 Alessandro Marcandalli CB 10 0 (0) 2024-2025
34%
1322 Amad Diallo RW 1 0 (0) 2020-2021
34%
506 Andreas Skov Olsen RW 44 2 (5) 2020-2022
34%
910 Antoine Bernede CM 14 1 (0) 2024-2025
34%
244 Arkadiusz Reca LB 85 3 (10) 2020-2023
34%
810 Bruno Alves CB 19 1 (0) 2020-2021
34%
971 Denis Zakaria DM 11 1 (1) 2021-2023
34%
975 Diego Perotti LW 11 0 (0) 2021-2022
34%
791 Diogo Dalot RB 21 1 (1) 2020-2021
34%
786 Francesco Magnanelli DM 22 0 (0) 2020-2022
34%
745 Francesco Zampano RB 24 1 (2) 2024-2025
34%
699 Gervinho LW 27 5 (1) 2020-2021
34%
475 Gonzalo Villar CM 48 0 (1) 2020-2021, 2022-2023
34%
1086 Honest Ahanor LB 6 0 (1) 2024-2025
34%
858 Houssem Aouar AM 16 4 (0) 2023-2024
34%
461 Ilija Nestorovski ST 50 5 (5) 2020-2023
34%
317 Jacopo Fazzini CM 72 5 (3) 2022-2025
34%
702 Jesper Karlsson LW 27 2 (0) 2023-2025
34%
1282 Karlo Lulic CM 1 0 (0) 2023-2024
34%
533 Luca Mazzitelli CM 40 6 (1) 2023-2025
34%
648 Lucas Torreira DM 31 5 (2) 2021-2022
34%
993 Mario Mandžukić ST 10 0 (0) 2020-2021
34%
911 Mats Hummels CB 14 0 (0) 2024-2025
34%
222 Matteo Lovato CB 89 0 (1) 2020-2024
34%
661 Michael Kayode RB 31 1 (2) 2023-2025
34%
884 Mitchel Bakker LB 15 1 (0) 2023-2025
34%
920 Natan CB 14 0 (0) 2023-2024
34%
550 Nemanja Radonjić LW 38 5 (2) 2022-2024
34%
1065 Renato Sanches CM 7 1 (0) 2023-2024
34%
666 Rey Manaj ST 30 5 (0) 2021-2022
34%
879 Samuel Gigot CB 15 2 (0) 2024-2025
34%
868 Senad Lulic LM 16 0 (0) 2020-2021
34%
941 Sergi Roberto CM 13 0 (1) 2024-2025
34%
527 Stefano Sturaro CM 41 1 (0) 2020-2022
34%
668 Tanguy Ndombélé CM 30 1 (0) 2022-2023
34%
292 Valentin Gendrey RB 76 2 (7) 2022-2025
34%
572 Valon Behrami CM 36 0 (1) 2020-2022
34%
1118 Vasilije Adžić AM 6 0 (0) 2024-2025
34%
1145 Alberto Paleari GK 4 0 (0) 2020-2021, 2024-2025
31%
989 Boris Radunović GK 10 0 (0) 2021-2022, 2023-2024
31%
426 Emil Bohinen DM 55 0 (1) 2021-2025
31%
848 Fali Candé CB 17 1 (1) 2024-2025
31%
980 Filippo Missori RB 11 0 (0) 2022-2024
31%
866 Filip Stanković GK 16 0 (0) 2024-2025
31%
742 Gaetano Letizia RB 24 3 (1) 2020-2021
31%
798 Harry Winks DM 20 0 (0) 2022-2023
31%
276 Isaac Success ST 79 4 (14) 2021-2024
31%
414 Ivan Radovanovic DM 57 1 (1) 2020-2023
31%
783 Jesper Lindstrøm RW 22 0 (0) 2023-2024
31%
1139 Jonas Rouhi LB 5 0 (0) 2024-2025
31%
1060 Luca Lipani DM 8 0 (0) 2023-2024
31%
1050 Mario Hermoso CB 8 0 (0) 2024-2025
31%
553 Matteo Prati DM 38 1 (1) 2023-2025
31%
571 Mitchell Dijks LB 36 0 (2) 2020-2022
31%
665 Mohamed Salim Fares LB 30 2 (2) 2020-2022
31%
534 Ola Aina RB 40 1 (1) 2021-2023
31%
1155 Oliver Christensen GK 4 0 (0) 2023-2024
31%
863 Randal Kolo Muani ST 16 8 (1) 2024-2025
31%
255 Saša Lukić DM 83 10 (5) 2020-2023
31%
622 Thórir Jóhann Helgason CM 33 0 (4) 2022-2023, 2024-2025
31%
774 Vid Belec GK 23 0 (0) 2021-2022
31%
711 Yordan Osorio CB 26 0 (0) 2020-2021, 2024-2025
31%
562 Andrea Masiello CB 37 0 (0) 2020-2022
28%
654 Arthur Theate CB 31 2 (1) 2021-2022
28%
1027 Aster Vranckx CM 9 0 (1) 2022-2023
28%
669 Balthazar Pierret DM 30 0 (0) 2024-2025
28%
657 Bosko Sutalo CB 31 0 (0) 2020-2022
28%
752 Daniele Ghilardi CB 24 0 (0) 2024-2025
28%
400 Flavius Daniliuc CB 59 0 (2) 2022-2025
28%
725 Gastón Ramírez CM 25 0 (4) 2020-2021
28%
976 Iago Falque RW 11 1 (1) 2020-2021
28%
957 Jacob Ondrejka LW 12 5 (0) 2024-2025
28%
817 Jeroen Zoet GK 19 0 (0) 2020-2023
28%
472 Josip Brekalo LW 49 8 (2) 2021-2024
28%
682 Kaio Jorge ST 29 3 (0) 2021-2022, 2023-2024
28%
775 Lautaro Giannetti CB 22 2 (0) 2023-2025
28%
261 Lorenzo Venuti RB 82 0 (2) 2020-2024
28%
886 Luca Zanimacchia RW 15 0 (0) 2022-2023
28%
936 Lucien Agoumé DM 13 0 (0) 2020-2021, 2023-2024
28%
503 Marvin Zeegelaar LB 45 2 (0) 2020-2023
28%
1284 Nikita Contini GK 1 0 (0) 2023-2024
28%
815 Oumar Solet CB 19 1 (2) 2024-2025
28%
266 Riccardo Saponara AM 81 9 (7) 2020-2024
28%
820 Simone Pafundi AM 19 0 (0) 2021-2025
28%
747 Stefano Okaka ST 24 4 (2) 2020-2022
28%
781 Tino Anjorin AM 22 2 (3) 2024-2025
28%
331 Vlad Chiricheș DM 69 2 (1) 2020-2023
28%
839 Wesley Hoedt CB 17 0 (0) 2020-2021
28%
821 Ahmad Benali CM 18 0 (1) 2020-2021
25%
528 Alberto Cerri ST 41 2 (0) 2020-2021, 2023-2025
25%
1160 Aleksander Buksa ST 4 0 (0) 2021-2022
25%
732 Álvaro Odriozola RB 25 1 (1) 2021-2022
25%
637 Botond Balogh CB 32 0 (1) 2020-2021, 2024-2025
25%
737 Casper Tengstedt ST 25 6 (2) 2024-2025
25%
893 Cesare Casadei CM 15 1 (1) 2024-2025
25%
1033 Cher Ndour CM 9 0 (0) 2024-2025
25%
627 Daniele Baselli CM 32 0 (1) 2020-2021, 2024-2025
25%
1006 Daniel Fila ST 10 2 (0) 2024-2025
25%
760 Dennis Praet CM 23 2 (2) 2021-2022
25%
1108 Enzo Le Fée CM 6 0 (0) 2024-2025
25%
1029 Ivan Smolcic RB 9 0 (0) 2024-2025
25%
672 Jacopo Sala CM 30 1 (0) 2020-2023
25%
1169 Jan-Carlo Simić CB 4 1 (0) 2023-2024
25%
795 Jeison Murillo CB 20 0 (0) 2022-2023
25%
969 Johan Mojica LB 11 0 (0) 2020-2021
25%
620 John Yeboah AM 33 1 (2) 2024-2025
25%
850 Kelvin Yeboah ST 17 0 (2) 2021-2022
25%
1344 Leonardo Cerri ST 1 0 (0) 2023-2024
25%
549 Lorenzo Tonelli CB 38 1 (0) 2020-2023
25%
1085 Lorenzo Venturino RW 6 2 (0) 2024-2025
25%
834 Luca Marianucci CB 18 0 (0) 2024-2025
25%
1392 Luka Topalović CM 1 0 (0) 2024-2025
25%
679 Manolo Portanova CM 29 1 (0) 2020-2022
25%
1234 Manuel De Luca ST 2 0 (0) 2022-2023
25%
998 Marco Sala LB 10 0 (0) 2024-2025
25%
729 Matteo Bianchetti CB 25 1 (0) 2022-2023
25%
789 Mattia Valoti CM 21 0 (0) 2022-2023, 2024-2025
25%
448 Mehdi Léris RW 52 1 (1) 2020-2021, 2022-2023
25%
590 Morten Hjulmand DM 35 0 (4) 2022-2023
25%
531 Nahuel Estévez DM 41 0 (3) 2020-2021, 2024-2025
25%
921 Nicolás Valentini CB 14 0 (0) 2024-2025
25%
619 Nikola Kalinić ST 33 6 (2) 2020-2022
25%
1042 Paul Pogba CM 8 0 (0) 2022-2024
25%
1326 Philip Yeboah ST 1 0 (0) 2020-2021
25%
878 Ragnar Klavan CB 15 0 (0) 2020-2021
25%
726 Samuel Umtiti CB 25 0 (0) 2022-2023
25%
356 Szymon Żurkowski CM 65 10 (4) 2021-2025
25%
1153 Victor Nelsson CB 4 0 (0) 2024-2025
25%
787 Agustín Álvarez ST 22 1 (1) 2022-2023
22%
1207 Alphadjo Cissè AM 3 0 (0) 2023-2025
22%
1293 Axel Tuanzebe RB 1 0 (0) 2021-2022
22%
710 Cyriel Dessers ST 26 6 (2) 2022-2023
22%
862 Djed Spence LB 16 0 (0) 2023-2024
22%
519 Filippo Melegoni CM 42 1 (1) 2020-2021, 2024-2025
22%
837 Giovanni Leoni CB 17 1 (0) 2024-2025
22%
303 Guglielmo Vicario GK 73 0 (0) 2020-2023
22%
495 Hamza Rafia CM 46 1 (0) 2023-2025
22%
900 Ibrahima Mbaye RB 14 1 (0) 2020-2022
22%
1132 Javier Pastore AM 5 0 (0) 2020-2021
22%
509 Jens Stryger Larsen RB 44 2 (1) 2020-2022
22%
412 Junior Sambia RB 57 1 (3) 2022-2025
22%
634 Leonardo Sernicola LB, LM 32 2 (2) 2022-2023
22%
501 Luiz Felipe CB 45 0 (1) 2020-2022
22%
1062 Marco D'Alessandro RW 8 0 (0) 2022-2023
22%
835 Marco Parolo CM 18 0 (2) 2020-2021
22%
1110 Mathias Løvik LB 6 0 (0) 2024-2025
22%
327 Mattias Svanberg CM 70 8 (5) 2020-2022
22%
609 Michael Svoboda CB 34 1 (0) 2021-2022, 2024-2025
22%
1208 Moustapha Cissé ST 3 1 (0) 2021-2022
22%
420 Nicola Murru LB 56 1 (0) 2020-2023
22%
452 Nicolas Haas CM 51 1 (3) 2021-2025
22%
805 Oussama El Azzouzi DM 20 2 (2) 2023-2025
22%
1028 Semuel Pizzignacco GK 9 0 (0) 2024-2025
22%
714 Yannik Engelhardt DM 26 1 (1) 2024-2025
22%
546 Yayah Kallon RW 39 1 (3) 2020-2024
22%
819 Alan Matturro CB 19 0 (0) 2023-2025
19%
882 Alessandro Gabrielloni ST 15 1 (1) 2024-2025
19%
909 Antonio Candela RB 14 0 (1) 2024-2025
19%
983 Benjamin Tahirović CM 11 0 (0) 2022-2023
19%
1008 Carlos Alcaraz CM 10 0 (1) 2023-2024
19%
1048 Cristian Molinaro LB 8 0 (1) 2021-2022
19%
631 Daniel Ciofani ST 32 8 (0) 2022-2023
19%
1219 Denis Vavro CB 2 0 (0) 2020-2022
19%
513 Domenico Criscito LB 43 7 (1) 2020-2022
19%
1209 Federico Cassa AM 2 0 (0) 2024-2025
19%
1122 Federico Marchetti GK 5 0 (0) 2020-2021, 2022-2023
19%
1018 Federico Peluso LB 9 0 (0) 2020-2022
19%
1046 George Pușcaș ST 8 0 (0) 2023-2024
19%
1147 Gianluca Pegolo GK 4 0 (0) 2020-2023
19%
652 Giorgio Altare CB 31 1 (0) 2021-2022, 2024-2025
19%
1066 Jérôme Boateng CB 7 0 (0) 2023-2024
19%
1258 Joseph Nonge CM 2 0 (0) 2023-2024
19%
296 Kevin Bonifazi CB 75 0 (0) 2020-2025
19%
961 Kevin Zeroli CM 12 0 (1) 2023-2025
19%
511 Luca Ceppitelli CB 43 1 (0) 2020-2022
19%
904 Lukas Haraslin LW 14 0 (1) 2020-2021
19%
861 Marcos Antônio CM 16 1 (1) 2022-2023
19%
749 Marco Sau ST 24 4 (2) 2020-2021
19%
973 Martin Frese LB 11 0 (0) 2024-2025
19%
522 Martin Hongla DM 42 1 (0) 2021-2024
19%
1193 Mattia Zanotti RB 3 0 (0) 2021-2023
19%
588 Pepín Machín CM 35 0 (2) 2022-2024
19%
785 Reinier AM 22 2 (2) 2023-2024
19%
499 Riccardo Gagliolo CB 45 2 (3) 2020-2022
19%
349 Riccardo Marchizza LB 66 0 (8) 2020-2024
19%
968 Shon Weissman ST 11 1 (0) 2023-2024
19%
963 Stiven Shpendi ST 12 0 (0) 2023-2024
19%
934 Sydney van Hooijdonk ST 13 0 (0) 2021-2022, 2023-2024
19%
1383 Tommaso Martinelli GK 1 0 (0) 2023-2024
19%
1026 Adrian Benedyczak LW 9 0 (0) 2024-2025
16%
520 Alessandro Vogliacco CB 42 2 (2) 2023-2025
16%
740 Antoine Hainaut RB 25 2 (0) 2024-2025
16%
1036 Cheick Condé DM 9 0 (0) 2024-2025
16%
730 Claudio Terzi CB 25 1 (1) 2020-2021
16%
686 Davide Biraschi CB 28 1 (0) 2020-2021, 2023-2024
16%
715 Dennis Johnsen LW 26 1 (2) 2021-2022
16%
1087 Diego Falcinelli ST 6 0 (0) 2021-2022
16%
313 Dimitrios Nikolaou CB 72 1 (0) 2021-2023
16%
1390 Ebenezer Akinsanmiro CM 1 0 (0) 2023-2024
16%
1109 Ebrima Darboe DM 6 0 (0) 2020-2022
16%
985 Federico Santander ST 11 1 (1) 2020-2022
16%
505 Ignacio Pussetto RW 44 7 (6) 2020-2023
16%
748 Ilario Monterisi CB 24 2 (3) 2023-2024
16%
1031 Kwadwo Asamoah LM 9 0 (0) 2020-2021
16%
759 Luca Marrone CB 23 0 (0) 2020-2021, 2022-2023
16%
856 Marin Šverko CB 16 1 (0) 2024-2025
16%
447 Marlon CB 52 0 (0) 2020-2021, 2022-2023
16%
1128 Mateo Musacchio CB 5 0 (0) 2020-2021
16%
1271 Matteo Palma CB 1 0 (0) 2024-2025
16%
1056 Matthias Braunöder CM 8 0 (0) 2024-2025
16%
629 Mattia Aramu AM 32 7 (5) 2021-2022
16%
322 Mehdi Bourabia CM 70 3 (3) 2020-2024
16%
645 Miha Zajc CM 31 1 (3) 2020-2021
16%
1070 Panagiotis Retsos CB 7 0 (0) 2021-2023
16%
453 Paolo Ghiglione RM 51 1 (7) 2020-2023
16%
937 Saba Sazonov CB 13 0 (0) 2023-2025
16%
1198 Vasco Regini LB 3 0 (0) 2020-2021
16%
1289 Adrian Semper GK 1 0 (0) 2021-2022
13%
1332 Aimar Sher CM 1 0 (0) 2021-2022
13%
578 Aleksa Terzic LB 36 1 (3) 2021-2023
13%
1068 Alen Sherri GK 7 0 (0) 2024-2025
13%
814 Alessandro Di Pardo RB 19 0 (0) 2020-2021, 2023-2024
13%
1076 Alessandro Sorrentino GK 7 0 (0) 2023-2024
13%
871 Anthony Oyono RB 16 0 (1) 2023-2024
13%
1178 Arturo Calabresi CB, RB 3 0 (0) 2020-2021
13%
1213 Benjamin Siegrist GK 2 0 (0) 2024-2025
13%
1103 Bryan Reynolds RB 6 0 (0) 2020-2022
13%
618 Charles Pickel DM 33 1 (0) 2022-2023
13%
977 Cheikh Niasse DM 11 0 (0) 2024-2025
13%
689 Dalbert LB 28 0 (2) 2021-2022
13%
1266 Damián Pizarro ST 2 0 (0) 2024-2025
13%
502 Demba Seck RW 45 0 (0) 2021-2024
13%
624 Diego Farias LW 33 4 (2) 2020-2022
13%
1270 Diego Pugno ST 1 0 (0) 2024-2025
13%
823 Dor Peretz CM 18 0 (1) 2021-2022
13%
621 Eddie Salcedo ST 33 2 (1) 2020-2022
13%
286 Emanuel Vignato RW 77 2 (7) 2020-2024
13%
583 Emil Konradsen Ceide LW 36 0 (2) 2021-2024
13%
829 Emmanuel Ekong LW 18 0 (0) 2022-2025
13%
589 Erik Botheim ST 35 1 (3) 2022-2024
13%
1119 Fabio Pisacane CB 5 0 (0) 2020-2021
13%
539 Federico Barba CB 39 0 (2) 2020-2021, 2024-2025
13%
324 Filippo Bandinelli CM 70 4 (3) 2021-2023
13%
700 Francesco Gelli AM 27 0 (0) 2023-2024
13%
1005 Gabriel Charpentier ST 10 1 (3) 2024-2025
13%
818 Gaby Jean CB 19 0 (0) 2024-2025
13%
1312 Gennaro Borrelli ST 1 0 (0) 2023-2024
13%
843 Gianluca Frabotta LB 17 0 (1) 2020-2022
13%
755 Issa Doumbia CM 24 0 (0) 2024-2025
13%
350 Jean-Victor Makengo CM 66 1 (4) 2020-2023
13%
965 Kingstone Mutandwa ST 11 1 (0) 2023-2025
13%
1176 Leander Dendoncker DM 3 0 (0) 2023-2024
13%
1389 Leandro Chichizola GK 1 0 (0) 2024-2025
13%
761 Leo Stulac DM 23 2 (2) 2021-2022
13%
692 Lisandro Magallán CB 28 1 (2) 2020-2021
13%
906 Luca Cigarini DM 14 0 (1) 2020-2021
13%
734 Luka Lochoshvili CB 25 1 (2) 2022-2023
13%
912 Magnus Kofod Andersen CM 14 1 (1) 2024-2025
13%
586 Marco Benassi CM 35 0 (0) 2021-2023
13%
1345 Marko Lazetić ST 1 0 (0) 2022-2023
13%
1064 Maxwel Cornet LW 7 2 (1) 2024-2025
13%
703 Samuele Mulattieri ST 27 0 (1) 2023-2024
13%
641 Samuele Vignato AM 32 1 (1) 2022-2025
13%
1164 Saud Abdulhamid RB 4 0 (1) 2024-2025
13%
808 Tanner Tessmann DM 20 0 (0) 2021-2022
13%
1192 Tommaso Barbieri RB 3 0 (0) 2022-2023
13%
1038 Tommaso Corazza LB 9 0 (0) 2023-2024
13%
852 Valentin Eysseric AM 16 2 (1) 2020-2021
13%
1106 Vincenzo Fiorillo GK 6 0 (0) 2021-2024
13%
907 Zinho Vanheusden CB 14 0 (0) 2021-2022
13%
1051 Ainsley Maitland-Niles RB 8 0 (0) 2021-2022
9%
1229 Álex Berenguer LW 2 0 (0) 2020-2021
9%
348 Alexis Blin DM 66 1 (2) 2022-2024
9%
873 Ali Dembélé RM 15 1 (0) 2024-2025
9%
872 Alieu Njie LW 16 1 (0) 2024-2025
9%
1189 Anass Salah-Eddine LB 3 0 (1) 2024-2025
9%
822 Andrea La Mantia ST 18 2 (1) 2021-2022
9%
816 Andrea Rispoli RB 19 0 (0) 2020-2021
9%
1179 Antonio Barreca LB 3 0 (0) 2020-2021
9%
1100 Arvid Brorsson CB 6 0 (0) 2024-2025
9%
607 Assan Ceesay ST 34 6 (0) 2022-2023
9%
1294 Ben Godfrey CB 1 0 (0) 2024-2025
9%
926 Benoît Costil GK 13 0 (0) 2023-2024
9%
1002 Bjarki Bjarkason LM 10 0 (0) 2021-2022, 2024-2025
9%
901 Cedric Gondo ST 14 1 (1) 2021-2022
9%
1273 Cristiano Piccini CB 1 0 (0) 2020-2021
9%
1303 Davide Marfella GK 1 0 (0) 2021-2022
9%
610 David Zima CB 34 0 (0) 2021-2024
9%
300 Destiny Udogie LB 74 8 (7) 2020-2023
9%
470 Domen Crnigoj CM 49 3 (1) 2021-2022, 2024-2025
9%
1280 Elio Capradossi CB 1 0 (0) 2020-2021
9%
1380 Estanis Pedrola LW 1 0 (0) 2024-2025
9%
1328 Filip Marchwinski AM 1 0 (0) 2024-2025
9%
962 Giulio Donati RB 12 1 (0) 2022-2024
9%
859 Giuseppe Caso AM 16 0 (1) 2020-2021, 2023-2024
9%
603 Gonzalo Escalante CM 34 0 (2) 2020-2023
9%
806 Janis Antiste ST 20 2 (0) 2021-2023
9%
575 Jeff Chabot CB 36 1 (1) 2020-2022
9%
1227 Justin Kluivert AM 2 0 (0) 2020-2021
9%
497 Kristoffer Askildsen CM 46 0 (0) 2020-2023
9%
1044 Leonardo Mancuso ST 8 1 (0) 2021-2022
9%
1388 Lorenzo Tosto CB 1 0 (0) 2024-2025
9%
1187 Luca Gemello GK 3 0 (0) 2021-2022, 2023-2024
9%
1105 Marco Mancosu AM 6 0 (0) 2023-2024
9%
1135 Marley Aké LW 5 0 (0) 2021-2022, 2023-2024
9%
681 Mateusz Legowski DM 29 0 (0) 2023-2024
9%
1120 Matija Nastasić CB 5 0 (0) 2021-2022
9%
733 Michaël Cuisance CM 25 0 (0) 2021-2023
9%
697 Michele Castagnetti DM 27 0 (1) 2022-2023
9%
932 Michele Cerofolini GK 13 0 (0) 2022-2024
9%
1250 Oliver Provstgaard CB 2 0 (0) 2024-2025
9%
1035 Omari Forson RW 9 0 (0) 2024-2025
9%
924 Pantelis Hatzidiakos CB 13 0 (0) 2023-2024
9%
601 Riccardo Improta LW 34 1 (1) 2020-2021
9%
899 Roberto Inglese ST 14 0 (2) 2020-2021
9%
809 Rui Modesto RM 20 0 (1) 2024-2025
9%
478 Samir Caetano CB 47 1 (0) 2020-2022
9%
1237 Samir Ujkani GK 2 0 (0) 2020-2021, 2022-2023
9%
1244 Samuel Dahl LB 2 0 (0) 2024-2025
9%
1240 Simone Colombi GK 2 0 (0) 2020-2021
9%
1149 Simone Perilli GK 4 0 (0) 2022-2025
9%
1121 Stefano Denswil CB 5 0 (0) 2020-2021
9%
1265 Zanos Savva RW 2 1 (0) 2023-2024
9%
1336 Alassane Sidibe AM, CM 1 0 (0) 2021-2022
6%
614 Alessandro Tuia CB 34 1 (0) 2020-2021, 2022-2023
6%
1367 Andrea Mazza GK 1 0 (0) 2024-2025
6%
958 Andrey Galabinov ST 12 3 (1) 2020-2021
6%
1190 Andy Pelmard CB 3 0 (0) 2024-2025
6%
940 Antonio Raimondo ST 13 0 (0) 2020-2022, 2024-2025
6%
1023 Arnór Sigurdsson LW 9 0 (0) 2021-2022
6%
1217 Bastos CB 2 0 (0) 2020-2021
6%
473 Brandon Soppy RM 49 0 (4) 2021-2024
6%
916 Christian Oliva DM 14 0 (1) 2020-2022
6%
741 Chukwubuikem Ikwuemesi ST 25 1 (1) 2023-2024
6%
518 Daniel Bessa CM 42 1 (3) 2020-2022
6%
1225 Daniele Sommariva GK 2 0 (0) 2023-2025
6%
1134 Daniel Oyegoke RB 5 0 (0) 2024-2025
6%
1010 Davide Santon LB 10 0 (1) 2020-2021
6%
1278 Dele Alli AM 1 0 (0) 2024-2025
6%
690 Dylan Bronn CB 28 0 (0) 2022-2024
6%
960 Emirhan İlkhan CM 12 0 (0) 2022-2023
6%
997 Fabrizio Caligara CM 10 0 (0) 2020-2021
6%
1063 Fellipe Jack CB 7 0 (0) 2024-2025
6%
1125 Filippo Delli Carri CB 5 0 (0) 2021-2022
6%
1022 Florinel Coman LW 9 1 (0) 2024-2025
6%
1172 Francesco Bardi GK 3 0 (0) 2021-2023
6%
706 Gastón Brugman DM 26 1 (1) 2020-2021
6%
1114 Gino Infantino CM 6 0 (0) 2023-2024
6%
1126 Giorgi Kvernadze LW 5 0 (0) 2023-2024
6%
1254 Giovanni Bonfanti CB 2 0 (0) 2023-2024
6%
1092 Hidde ter Avest RB 6 0 (0) 2020-2021
6%
964 Ismaël Konaté ST 12 0 (1) 2024-2025
6%
1330 Issa Bah LW 1 0 (0) 2021-2022
6%
1384 Jacopo Seghetti GK 1 0 (0) 2024-2025
6%
592 João Ferreira RB 35 0 (1) 2023-2024
6%
870 Joël Schingtienne CB 16 0 (0) 2024-2025
6%
883 Karol Swiderski ST 15 2 (0) 2023-2024
6%
1174 Kastriot Dermaku CB 3 0 (0) 2020-2021, 2022-2023
6%
385 Kelvin Amian RB 62 1 (2) 2021-2023
6%
1037 Kevin Martins RW 9 0 (1) 2024-2025
6%
1381 Lorenzo Anghelè CF 1 0 (0) 2024-2025
6%
1107 Lucas Gourna-Douath DM 6 0 (0) 2024-2025
6%
1300 Luís Maximiano GK 1 0 (0) 2022-2023
6%
1091 Luka Bogdan CB 6 0 (0) 2021-2022
6%
766 Lyanco CB 23 0 (0) 2020-2021
6%
1378 Mateusz Kowalski CF 1 0 (0) 2024-2025
6%
744 Mateusz Wieteska CB 24 0 (2) 2023-2025
6%
721 Mato Jajalo DM 26 0 (1) 2020-2023
6%
1024 Mert Çetin CB 9 0 (0) 2020-2023
6%
731 Milos Vulic CM 25 1 (0) 2020-2021
6%
1133 Musa Juwara RW 5 0 (0) 2020-2021
6%
927 Nadiem Amiri CM 13 0 (2) 2021-2022
6%
1232 Nicholas Pierini RW 2 0 (0) 2024-2025
6%
838 Niki Mäenpää GK 17 0 (1) 2021-2022
6%
604 Pablo Galdames CM 34 1 (2) 2021-2024
6%
680 Pasquale Schiattarella DM 29 1 (1) 2020-2021
6%
712 Petko Hristov CB 26 1 (2) 2021-2023
6%
559 Pietro Ceccaroni CB 37 2 (2) 2021-2023
6%
1200 Rafael GK 3 0 (1) 2020-2021
6%
1242 Ramzi Aya CB 2 0 (0) 2021-2022
6%
1138 Rareș Burnete ST 5 0 (1) 2023-2025
6%
465 Salva Ferrer RB 50 0 (4) 2020-2023
6%
736 Samuel Di Carmine ST 25 0 (1) 2020-2023
6%
1052 Samuele Perisan GK 8 0 (0) 2022-2024
6%
1238 Sebastian Giovinco CF 2 0 (0) 2021-2022
6%
1230 Simone Edera RW 2 0 (0) 2020-2021
6%
713 Sofian Kiyine CM 26 1 (0) 2021-2022
6%
1082 Stefan Leković CB 7 0 (0) 2024-2025
6%
1306 Tiago Djaló CB 1 0 (0) 2023-2024
6%
617 Tonny Vilhena CM 33 4 (1) 2022-2023
6%
1170 Trivante Stewart ST 4 0 (0) 2023-2024
6%
902 Valentin Antov CB 14 0 (0) 2020-2021, 2022-2023
6%
367 Valerio Verre CM 64 3 (4) 2020-2023
6%
923 Vincent Laurini RB 14 0 (0) 2020-2021
6%
1084 Vivaldo Semedo ST 6 0 (0) 2022-2024
6%
1360 Yllan Okou CB 1 0 (0) 2024-2025
6%
659 Adolfo Gaich ST 31 4 (1) 2020-2021, 2022-2023
3%
1093 Ajdin Hrustić AM 6 0 (0) 2022-2023
3%
1385 Alberto Manzoni CM 1 0 (0) 2024-2025
3%
991 Alessio Iovine RM 10 0 (0) 2024-2025
3%
895 Anas Haj Mohamed RW 15 1 (1) 2024-2025
3%
1299 Andrea Adorante ST 1 0 (0) 2020-2021
3%
1016 Andrea Barberis DM 9 0 (1) 2022-2023
3%
1351 Andrea Ferraris LW 1 0 (0) 2023-2024
3%
1331 Antonio Cioffi LW 1 0 (0) 2020-2021
3%
788 Antonio Junior Vacca DM 21 0 (1) 2021-2022
3%
1327 Augustus Kargbo CF 1 0 (0) 2020-2021
3%
1264 Axel Guessand CB 2 0 (0) 2022-2024
3%
1377 Bob Murphy Omoregbe RW 1 0 (0) 2024-2025
3%
568 Bruno Amione CB 37 1 (1) 2022-2024
3%
728 Bryan Dabo CM 25 0 (0) 2020-2021
3%
1188 Christian Pastina CB 3 0 (1) 2020-2021
3%
1387 Christos Papadopoulos AM 1 0 (0) 2023-2024
3%
764 Daam Foulon LB 23 0 (0) 2020-2021
3%
1127 Daniel Fuzato GK 5 0 (0) 2020-2021
3%
1011 David Ankeye ST 10 0 (0) 2023-2025
3%
1297 Davide Bettella CB 1 0 (0) 2023-2024
3%
847 David Strelec ST 17 1 (0) 2021-2023
3%
917 Denso Kasius RB 14 0 (2) 2021-2023
3%
952 Diego Valencia ST 12 0 (0) 2022-2023
3%
1314 Dimitrije Kamenovic LB 1 0 (0) 2021-2022
3%
1335 Duccio Degli Innocenti DM 1 0 (0) 2022-2023
3%
767 Emanuel Aiwu CB 23 0 (0) 2022-2023
3%
853 Ernesto Torregrossa ST 16 1 (0) 2020-2022
3%
1117 Farès Ghedjemis RW 6 0 (0) 2023-2024
3%
1185 Faride Alidou LW 3 0 (0) 2024-2025
3%
1277 Federico Mattiello RB 1 0 (0) 2020-2021
3%
1315 Félix Correia LW 1 0 (0) 2020-2021
3%
1021 Francesco Cassata CM 9 0 (0) 2020-2022
3%
836 Francesco Di Tacchio DM 18 0 (0) 2021-2022
3%
944 Francesco Forte ST 12 1 (0) 2021-2022
3%
800 Frank Tsadjout ST 20 3 (1) 2022-2023
3%
988 Gabriele Moncini ST 10 0 (0) 2020-2021
3%
1030 Gerard Yepes DM 9 0 (0) 2021-2023
3%
802 Giacomo Quagliata LB 20 0 (1) 2022-2023
3%
1058 Giorgio Cittadini CB 8 0 (0) 2021-2022, 2023-2024
3%
931 Giuseppe Cuomo CB 13 0 (0) 2020-2021
3%
1136 Iron Gomis CM 5 0 (0) 2023-2024
3%
1206 Jacopo Bacci CM 3 0 (0) 2024-2025
3%
1175 Jacopo Dezi CM 3 0 (0) 2020-2022
3%
995 Jacopo Segre CM 10 0 (0) 2020-2021, 2022-2023
3%
928 Jaime Báez LW 13 1 (1) 2022-2024
3%
1059 James Abankwah CB 8 0 (0) 2022-2023, 2024-2025
3%
1001 Jayden Braaf LW 10 1 (0) 2020-2021, 2022-2023
3%
966 Jesé LW 11 1 (1) 2022-2023
3%
1154 João Moutinho LB 4 0 (0) 2022-2023
3%
1168 Juan Manuel Cruz ST 4 0 (0) 2023-2024
3%
1223 Julian Kristoffersen ST 2 0 (0) 2021-2023
3%
1362 Julius Beck CM 1 0 (0) 2022-2023
3%
1211 Junior Ajayi ST 2 0 (0) 2024-2025
3%
1194 Karim Zedadka LM 3 0 (0) 2022-2023
3%
1067 Kevin Rüegg RB 7 0 (1) 2020-2021
3%
1236 Kingsley Michael CM 2 0 (0) 2021-2022
3%
1279 Kiril Despodov RW 1 0 (0) 2020-2021
3%
979 Konan N’Dri RW 11 0 (0) 2024-2025
3%
840 Lennart Czyborra LB 17 1 (0) 2020-2021
3%
1288 Léo Duarte CB 1 0 (0) 2020-2021
3%
1252 Leonardo Buta LB 2 0 (0) 2022-2023
3%
1140 Leonardo Capezzi CM 5 0 (0) 2021-2022
3%
1137 Luca D'Andrea RW 5 0 (1) 2022-2023
3%
946 Luca Garritano AM 12 0 (0) 2023-2024
3%
1088 Luca Lezzerini GK 6 0 (0) 2021-2022
3%
763 Luca Vignali RB 23 0 (0) 2020-2022
3%
890 Luis Binks CB 15 0 (0) 2021-2022
3%
1268 Maat Daniel Caprini LW 2 0 (0) 2024-2025
3%
1097 Marcin Listkowski AM 6 0 (0) 2022-2024
3%
1245 Marco Bertini DM 2 0 (0) 2020-2021, 2022-2023
3%
1090 Marco Modolo CB 6 0 (0) 2021-2022
3%
1167 Martin Turk GK 4 0 (0) 2022-2023
3%
782 Marvin Cuni ST 22 1 (1) 2023-2024
3%
1144 Mateus Lusuardi CB 4 0 (0) 2023-2024
3%
1083 Mathis Lambourde ST 7 1 (0) 2024-2025
3%
1104 Matteo Tramoni AM 6 0 (0) 2020-2021
3%
1391 Mattia Liberali AM 1 0 (0) 2024-2025
3%
1123 Maximilian Ullmann LB 5 0 (0) 2021-2022
3%
992 Nani LW 10 0 (1) 2021-2022
3%
953 Niccolò Pierozzi RB 12 1 (1) 2023-2024
3%
701 Niccolò Zanellato CM 27 1 (1) 2020-2021
3%
1309 Nicolò Armini CB 1 0 (0) 2020-2021
3%
1272 Nicolò Manfredini GK 1 0 (0) 2020-2021
3%
1324 Nikola Sekulov AM 1 0 (0) 2023-2024
3%
905 Oliver Abildgaard DM 14 0 (0) 2022-2023, 2024-2025
3%
986 Paolo Faragò CM 10 0 (0) 2020-2022
3%
929 Pawel Jaroszynski LB 13 0 (0) 2021-2022
3%
908 Przemysław Wiśniewski CB 14 1 (0) 2022-2023
3%
1161 Raimonds Krollis ST 4 0 (0) 2022-2023
3%
1165 Riccardo Pagano CM 4 0 (0) 2023-2024
3%
1348 Riccardo Pinzi CM 1 0 (0) 2021-2022
3%
1195 Richie Sagrado RB 3 0 (0) 2024-2025
3%
949 Rúben Vinagre LB 12 0 (0) 2023-2024
3%
1205 Saad El Haddad AM 3 0 (0) 2024-2025
3%
1203 Sebastian Otoa CB 3 0 (0) 2024-2025
3%
1141 Sergiu Perciun AM 5 0 (0) 2024-2025
3%
1069 Silvere Ganvoula ST 7 0 (0) 2024-2025
3%
867 Simone Iacoponi CB 16 0 (0) 2020-2021
3%
1129 Simone Trimboli CM 5 0 (0) 2021-2022
3%
1007 Stefan Mitrović LW 10 0 (0) 2023-2024
3%
1241 Tòfol Montiel RW 2 0 (0) 2020-2021
3%
1375 Tommaso Rubino AM 1 0 (0) 2024-2025
3%
780 Uros Racic DM 22 1 (1) 2023-2024
3%
1183 Vincenzo Millico LW 3 0 (0) 2020-2021
3%
844 Wajdi Kechrida RB 17 0 (1) 2021-2022
3%
1017 William Troost-Ekong CB 9 1 (0) 2022-2023
3%
1357 Aaron Ciammaglichella CM 1 0 (0) 2024-2025
0%
832 Agustín Martegani AM 18 1 (0) 2023-2024
0%
1099 Ahmed Touba CB 6 0 (0) 2023-2024
0%
1146 Alan Empereur CB 4 0 (0) 2020-2021
0%
1013 Aleksandr Kokorin CF 10 0 (0) 2020-2022
0%
1019 Ales Mateju CB 9 0 (1) 2021-2022
0%
1307 Alessandro Cortinovis AM 1 0 (0) 2022-2023
0%
1349 Alessandro Dellavalle CB 1 0 (0) 2023-2024
0%
1316 Alessandro Russo GK 1 0 (0) 2022-2023
0%
1352 Alessandro Russo CM 1 0 (0) 2021-2022
0%
994 Alessandro Tripaldelli LB 10 0 (0) 2020-2021
0%
1214 Alessio Cacciamani LW 2 0 (0) 2024-2025
0%
1263 Ali Jasim LW 2 0 (0) 2024-2025
0%
1353 Amadou Diambo CM 1 0 (0) 2020-2021
0%
881 Amer Gojak AM 15 1 (1) 2020-2021
0%
1226 Andrea Danzi DM 2 0 (0) 2020-2021
0%
947 Andrea Favilli ST 12 2 (0) 2020-2022
0%
897 Andrea Schiavone DM 14 1 (0) 2021-2022
0%
1365 Andrea Sodero AM 1 0 (0) 2023-2024
0%
1073 Andreaw Gravillon CB 7 0 (0) 2022-2023
0%
1368 Andrei Motoc CB 1 0 (0) 2021-2022
0%
1260 Andres Sfait LW 2 0 (0) 2023-2024
0%
841 Andrés Tello CM 17 1 (0) 2020-2021
0%
1054 Andri Fannar Baldursson CM 8 0 (0) 2020-2021
0%
1020 Antonino La Gumina ST 9 0 (0) 2020-2021
0%
1247 Antonio Mazzotta LB 2 0 (0) 2020-2021
0%
1287 Antonio Palumbo CM 1 0 (0) 2020-2021
0%
1346 Antonio Pio Iervolino CM 1 0 (0) 2022-2023
0%
1361 Antonio Tikvic CB 1 0 (0) 2023-2024
0%
1182 Aurélien Nguiamba DM 3 0 (0) 2021-2022
0%
1102 Berkan Kutlu CM 6 0 (0) 2023-2024
0%
1257 Brian Bayeye RM 2 0 (0) 2022-2023
0%
1077 Brian Oddei RW 7 0 (2) 2020-2022
0%
1210 Charlys DM 2 0 (0) 2023-2024
0%
1334 Christian Acella CM 1 0 (0) 2022-2023
0%
1251 Christos Kourfalidis CM 2 0 (0) 2021-2022
0%
674 Cristian Buonaiuto LW 29 1 (0) 2022-2023
0%
1049 Cristian Dell'Orco CB 8 0 (0) 2020-2021
0%
1078 Daan Dierckx CB 7 0 (0) 2020-2021
0%
1075 Daan Heymans AM 7 0 (1) 2021-2022
0%
1313 Damir Céter ST 1 0 (0) 2021-2022
0%
1111 Daniele Montevago ST 6 0 (0) 2022-2023
0%
1308 Davide Ghislandi RM 1 0 (0) 2020-2021
0%
1152 David Schnegg LB 4 0 (0) 2021-2022
0%
1292 Deyovaisio Zeefuik RB 1 0 (0) 2022-2023
0%
1373 Dimitrios Keramitsis CB 1 0 (0) 2021-2022
0%
1235 Domingos Quina CM 2 0 (0) 2023-2024
0%
1374 Ebenezer Annan LB 1 0 (0) 2021-2022
0%
1074 Edoardo Vergani ST 7 0 (0) 2020-2022
0%
1186 Elayis Tavsan RW 3 0 (0) 2023-2024
0%
1310 Emmanuel Gyabuaa CM 1 0 (0) 2020-2021
0%
794 Emmanuel Rivière ST 21 1 (1) 2020-2021
0%
996 Fabien Centonze RB 10 0 (1) 2023-2024
0%
1342 Federico Accornero LW 1 0 (0) 2024-2025
0%
768 Fernando Forestieri CF 23 3 (2) 2020-2022
0%
1224 Filip Benkovic CB 2 0 (0) 2021-2022
0%
1220 Filip Jagiello DM 2 0 (0) 2023-2024
0%
1343 Filippo Distefano CF 1 0 (0) 2021-2022
0%
955 Flavio Paoletti CM 12 0 (0) 2022-2023
0%
1281 Francesco Di Mariano LW 1 0 (0) 2021-2022
0%
1015 Frédéric Veseli CB 9 0 (0) 2021-2022
0%
903 Gennaro Acampora CM 14 0 (0) 2020-2021
0%
1382 Gerardo Fusco ST 1 0 (0) 2023-2024
0%
1379 Giacomo Corona ST 1 0 (0) 2023-2024
0%
1291 Giacomo Satalino GK 1 0 (0) 2021-2022
0%
1298 Giacomo Vrioni ST 1 0 (0) 2020-2021
0%
1319 Gian Marco Crespi GK 1 0 (0) 2020-2021
0%
1181 Giovanni Crociata CM 3 0 (0) 2020-2022
0%
1321 Giuseppe Ciocci GK 1 0 (0) 2024-2025
0%
865 Giuseppe Di Serio ST 16 0 (0) 2020-2021
0%
1184 Giuseppe Mastinu CM 3 0 (0) 2020-2021
0%
1333 Herculano Nabian ST 1 0 (0) 2022-2023
0%
1363 Hilmir Rafn Mikaelsson ST 1 0 (0) 2021-2022
0%
1356 Isaac Karamoko ST 1 0 (0) 2020-2021
0%
1072 Ivor Pandur GK 7 0 (0) 2020-2022
0%
1151 Jack Hendry CB 4 0 (0) 2022-2023
0%
797 Jacopo Petriccione DM 20 0 (0) 2020-2021
0%
967 Jean-Pierre Nsame ST 11 0 (1) 2021-2022
0%
1355 Jeppe Corfitzen RW 1 0 (0) 2023-2024
0%
1150 Jérôme Onguéné CB 4 0 (0) 2020-2021
0%
1032 Joel Voelkerling Persson ST 9 0 (0) 2022-2023
0%
1370 Jordan Majchrzak ST 1 0 (0) 2022-2023
0%
970 Jordi Mboula RW 11 0 (1) 2023-2024
0%
950 Juan Brunetta AM 12 1 (2) 2020-2021
0%
1096 Juan Ramos LB 6 0 (0) 2020-2021
0%
1364 Justin Kumi CM 1 0 (0) 2023-2024
0%
1290 Karlo Letica GK 1 0 (0) 2020-2021
0%
972 Kristijan Bistrovic CM 11 0 (0) 2022-2023
0%
1318 Laurens Serpe CB 1 0 (0) 2021-2022
0%
1159 Leandro Sanca RW 4 0 (0) 2022-2023
0%
1386 Leonardo Mendicino DM 1 0 (0) 2023-2024
0%
860 Léo Sena DM 16 0 (0) 2020-2021
0%
1041 Lior Kassa DM, CM 8 0 (0) 2024-2025
0%
1256 Lorenzo Amatucci DM 2 0 (0) 2023-2024
0%
1283 Lorenzo Del Pinto CM 1 0 (0) 2020-2021
0%
1112 Lorenzo Malagrida LM 6 0 (0) 2022-2023
0%
1231 Lubomir Tupta ST 2 0 (0) 2020-2021
0%
880 Luca Fiordilino DM 15 0 (0) 2021-2022
0%
1301 Luca Gagliano ST 1 0 (0) 2021-2022
0%
1115 Luca Siligardi RW 6 0 (0) 2020-2021
0%
1338 Luca Stanga CB 1 0 (0) 2021-2022
0%
1274 Luigi Canotto RW 1 0 (0) 2023-2024
0%
1253 Luigi Samele ST 2 0 (1) 2021-2022
0%
1080 Luis Rojas AM 7 0 (0) 2020-2021
0%
854 Lukas Lerager CM 16 0 (1) 2020-2021
0%
1191 Lukas Vorlicky LW 3 0 (0) 2022-2023
0%
1098 Lys Mousset ST 6 0 (1) 2021-2022
0%
1156 Magnus Warming RW 4 0 (0) 2021-2022
0%
1317 Manuel Gasparini GK 1 0 (0) 2020-2021
0%
1286 Marco Festa GK 1 0 (0) 2020-2021
0%
1089 Marios Ikonomou CB 6 0 (0) 2022-2023
0%
1325 Márk Kosznovszky CM 1 0 (0) 2020-2021
0%
1163 Martin Palumbo DM 4 0 (0) 2020-2022
0%
1233 Mateusz Praszelik AM 2 0 (0) 2021-2022
0%
1201 Matteo Scozzarella DM 3 0 (0) 2020-2021
0%
1337 Mattia Pagliuca ST 1 0 (0) 2020-2021
0%
1276 Mattia Sprocati RW 1 0 (0) 2020-2021
0%
1371 Mihailo Ivanovic ST 1 0 (0) 2022-2023
0%
1079 Mikael ST 7 0 (0) 2021-2022
0%
1347 Niccolò Cocetta CB 1 0 (0) 2022-2023
0%
1262 Nicola Bagnolini GK 2 0 (0) 2021-2022, 2023-2024
0%
1376 Nicola Pintus CB 1 0 (0) 2024-2025
0%
1267 Nícolas GK 2 0 (0) 2020-2021
0%
1320 Nicolas Galazzi AM 1 0 (0) 2021-2022
0%
1296 Nicolás Schiappacasse LW 1 0 (0) 2020-2021
0%
1081 Niklas Pyyhtiä CM 7 0 (1) 2021-2023
0%
1311 Nunzio Lella CM 1 0 (0) 2024-2025
0%
1329 Omar Khailoti CB 1 0 (0) 2020-2021
0%
1094 Paolo Bartolomei DM 6 0 (1) 2020-2021
0%
1295 Petar Micin AM 1 0 (0) 2020-2021
0%
1243 Petar Zovko GK 2 0 (0) 2021-2023
0%
1285 Przemyslaw Szyminski CB 1 0 (0) 2023-2024
0%
1003 Riccardo Ciervo LW 10 0 (1) 2021-2022
0%
987 Riccardo Fiamozzi RB 10 0 (1) 2021-2022
0%
1369 Riccardo Stivanello CB 1 0 (0) 2021-2022
0%
1340 Ryder Matos CF 1 0 (0) 2020-2021
0%
1221 Samuel Mraz ST 2 0 (0) 2021-2022
0%
1341 Samuel Ntanda LW 1 0 (0) 2022-2023
0%
933 Santiago Ascacíbar DM 13 0 (0) 2022-2023
0%
1202 Seydou Fini RW 3 0 (0) 2023-2024
0%
776 Silvan Hefti RB 22 0 (0) 2021-2022, 2023-2024
0%
1305 Simone Aresti GK 1 0 (0) 2023-2024
0%
1157 Simone Rabbi ST 4 0 (1) 2020-2021
0%
1323 Siriky Sanogo CM 1 0 (0) 2020-2021
0%
1197 Steeve-Mike Eyango CM 3 0 (1) 2020-2021
0%
974 Stefan Strandberg CB 11 0 (0) 2021-2022
0%
1131 Suf Podgoreanu LW 5 0 (1) 2021-2022
0%
1372 Telasco Segovia CM 1 0 (0) 2022-2023
0%
1171 Thomas Campaniello ST 3 0 (0) 2024-2025
0%
877 Thomas Ouwejan LB 15 0 (2) 2020-2021
0%
1061 Tio Cipot ST 8 0 (0) 2022-2023
0%
1218 Tomislav Gomelt CM 2 0 (0) 2020-2021
0%
1302 Tommaso Cassandro RB 1 0 (0) 2022-2023
0%
1248 Tommaso De Nipoti CF 2 0 (0) 2021-2023
0%
1269 Tommaso Gabellini ST 1 0 (0) 2024-2025
0%
1239 Tommaso Milanese CM 2 0 (0) 2022-2023
0%
1055 Triantafyllos Pasalidis CB 8 0 (0) 2023-2024
0%
1246 Vasilios Zagaritis LB 2 0 (0) 2020-2021
0%
1148 Vittorio Parigini LW 4 0 (0) 2020-2021
0%
663 Vladimir Golemic CB 30 2 (0) 2020-2021
0%
1304 Vladyslav Supryaga ST 1 0 (0) 2021-2022
0%
1261 Wisdom Amey CB 2 0 (0) 2020-2022
0%
876 Wylan Cyprien CM 15 0 (0) 2020-2021, 2024-2025
0%
No matching quizzes found
Score Distribution
Percent of People with Each Score
Percentile by Number Answered
Your Score History
You have not taken this quiz since the last reset